{"text_format":"3","workbook":"xlsx","n_sheets":1,"sheets":["INVENTARIO AGOSTO 2026"],"not_rendered":{"images":1,"defined_names":1},"read":"whole","date_system":"1900"}

{"sheet":"INVENTARIO AGOSTO 2026","index":0,"n_rows":412,"n_cols":12,"rows_kept":412,"merged":[[5,0,5,11],[6,0,6,11],[7,0,7,11],[9,11,10,11],[116,0,116,8],[116,9,116,11],[127,0,127,8],[127,9,127,11],[184,0,184,8]]}
[]
[]
[]
[]
[]
["Instituto Dominicano para la Calidad "]
["Sección de Almacén y Suministro "]
["   Inventario Mes Agosto 2026        \n\"        \n"]
[]
[{"$nulls":7},"Descripcion",{"$nulls":3},"Costo Total Inventario"]
["Periodo de Adquisición","FECHA","Código de Bienes Nacionales"," Código Institucional","CUENTA PRESUPUESTARIA","CUENTA CATALOGO","DESCRIPCION","Material Gastable","UM ","Cantidad en Existencia","Costo Und"]
["Abril-Jun 2026","2026-05-21","N/A","G004","2.3.9.2.01","1105019901","Materiales y suministros varios","Carpeta 1\" blanca","UND",{"v":46,"d":"46.00"},{"v":143,"d":"RD$143.00"},{"$f":"J12*K12","v":{"v":6578,"d":"RD$6,578.00"}}]
["Abril-Jun 2026","2026-05-21","N/A","G005","2.3.9.2.01","1105019901","Materiales y suministros varios","Carpeta 1\" azul","UND",{"v":45,"d":"45.00"},{"v":143,"d":"RD$143.00"},{"$f":"J13*K13","v":{"v":6435,"d":"RD$6,435.00"}}]
["Abril-Jun 2026","2026-05-21","N/A","G006","2.3.9.2.01","1105019901","Materiales y suministros varios","Carpeta 2\" blanca","UND",{"v":63,"d":"63.00"},{"v":175,"d":"RD$175.00"},{"v":11025,"d":"RD$11,025.00"}]
["Abril-Jun 2026","2026-05-21","N/A","G007","2.3.9.2.01","1105019901","Materiales y suministros varios","Carpeta 2\" azul","UND",{"v":58,"d":"58.00"},{"v":175,"d":"RD$175.00"},{"v":10150,"d":"RD$10,150.00"}]
["Abril-Jun 2026","2026-05-21","N/A","G008","2.3.9.2.01","1105019901","Materiales y suministros varios","Carpeta 3\" blanca","UND",{"v":59,"d":"59.00"},{"v":232,"d":"RD$232.00"},{"v":13688,"d":"RD$13,688.00"}]
["Abril-Jun 2026","2026-05-21","N/A","G009","2.3.9.2.01","1105019901","Materiales y suministros varios","Carpeta 3\" azul","UND",{"v":43,"d":"43.00"},{"v":232,"d":"RD$232.00"},{"v":9976,"d":"RD$9,976.00"}]
["Abril-Jun 2024","2024-04-02","N/A","G010","2.3.9.2.01","1105019901","Materiales y suministros varios","Cera para contar","UND",{"v":21,"d":"21.00"},{"v":55,"d":"RD$55.00"},{"v":1155,"d":"RD$1,155.00"}]
["Abril-Jun 2026","2026-05-21","N/A","G011","2.3.9.2.01","1105019901","Materiales y suministros varios","Cinta adhesiva 2\"","UND",{"v":5,"d":"5.00"},{"v":49,"d":"RD$49.00"},{"v":245,"d":"RD$245.00"}]
["Abril-Jun 2026","2026-05-21","N/A","G012","2.3.9.2.01","1105019901","Materiales y suministros varios","Cinta adhesiva 3/4","UND",{"v":52,"d":"52.00"},{"v":36,"d":"RD$36.00"},{"v":1872,"d":"RD$1,872.00"}]
["Abril-Jun 2026","2026-05-21","N/A","G013","2.3.9.2.01","1105019901","Materiales y suministros varios","Clips Billeteros 41mm","CAJ",{"v":43,"d":"43.00"},{"v":175,"d":"RD$175.00"},{"v":7525,"d":"RD$7,525.00"}]
["Abril-Jun 2026","2026-05-21","N/A","G014","2.3.9.2.01","1105019901","Materiales y suministros varios","Clips Billeteros medianos 32mm","CAJ",{"v":51,"d":"51.00"},{"v":59,"d":"RD$59.00"},{"v":3009,"d":"RD$3,009.00"}]
["Abril-Jun 2026","2026-05-21","N/A","G015","2.3.9.2.01","1105019901","Materiales y suministros varios","Clips Billeteros pequeños","CAJ",{"v":86,"d":"86.00"},{"v":30,"d":"RD$30.00"},{"v":2580,"d":"RD$2,580.00"}]
["Abril-Jun 2026","2026-05-21","N/A","G014","2.3.9.2.01","1105019901","Materiales y suministros varios","Clips Billeteros 25mm","CAJ",{"v":100,"d":"100.00"},{"v":59,"d":"RD$59.00"},{"v":5900,"d":"RD$5,900.00"}]
["Oct-Dic 2025","2025-12-17","N/A","G016","2.3.9.2.01","1105019901","Materiales y suministros varios","Clips grandes","PAQ",{"v":12,"d":"12.00"},{"v":36,"d":"RD$36.00"},{"v":432,"d":"RD$432.00"}]
["Oct-Dic 2023","22/12/2023","N/A","G017","2.3.9.2.01","1105019901","Materiales y suministros varios","Clips pequeños Colores","PAQ",{"v":6,"d":"6.00"},{"v":24,"d":"RD$24.00"},{"v":144,"d":"RD$144.00"}]
["Oct-Dic 2024","2024-12-19","N/A","N/A","2.3.9.2.01","1105019901","Materiales y suministros varios","Clips pequeño","PAQ",{"v":38,"d":"38.00"},{"v":15,"d":"RD$15.00"},{"v":570,"d":"RD$570.00"}]
["Oct-Dic 2024","2024-12-19","N/A","G018","2.3.9.2.01","1105019901","Materiales y suministros varios","Corrector liquido","UND",{"v":30,"d":"30.00"},{"v":17,"d":"RD$17.00"},{"v":510,"d":"RD$510.00"}]
["Oct-Dic 2024","2024-12-19","N/A","N/A","2.3.9.2.01","1105019901","Materiales y suministros varios","Corrector liquido broccha","UND",{"v":0,"d":"0.00"},{"v":19.16,"d":"RD$19.16"},{"v":0,"d":"RD$0.00"}]
["Abril-Jun 2026","2026-05-21","N/A","G019","2.3.9.2.01","1105019901","Materiales y suministros varios","Dispensador de cinta adhesiva","UND",{"v":35,"d":"35.00"},{"v":116,"d":"RD$116.00"},{"v":4060,"d":"RD$4,060.00"}]
["Oct-Dic 2023","22/12/2023","N/A","G020","2.3.9.6.01","1105019901","Materiales y suministros varios","Extensión eléctrica","UND",{"v":0,"d":"0.00"},{"v":522,"d":"RD$522.00"},{"v":0,"d":"RD$0.00"}]
["Abril-Jun 2026","2026-05-21","N/A","G021","2.3.9.2.01","1105019901","Materiales y suministros varios","Folder 8 1/2 X 11","UND",{"v":400,"d":"400.00"},{"v":2.09,"d":"RD$2.09"},{"v":836,"d":"RD$836.00"}]
["Oct-Dic 2024","2024-12-19","N/A","G022","2.3.9.2.01","1105019901","Materiales y suministros varios","Folder 8 1/2 X 14","UND",{"v":301,"d":"301.00"},{"v":5.63,"d":"RD$5.63"},{"v":1694.6299999999999,"d":"RD$1,694.63"}]
["Oct-Dic 2024","2024-12-19","N/A","G024","2.3.9.2.01","1105019901","Materiales y suministros varios","Folder Financiero","UND",{"v":0,"d":"0.00"},{"v":28.95,"d":"RD$28.95"},{"v":0,"d":"RD$0.00"}]
["Julio-sept 2026","2026-07-31","N/A","G023","2.3.9.2.01","1105019901","Materiales y suministros varios","Folder con bolsillos Timbrado","UND",{"v":673,"d":"673.00"},{"v":32,"d":"RD$32.00"},{"v":21536,"d":"RD$21,536.00"}]
["Abril-Jun 2026","2026-05-21","N/A","N/A","2.3.9.2.01","1105019901","Materiales y suministros varios","Folder con bolsillos satinados","UND",{"v":0,"d":"0.00"},{"v":55,"d":"RD$55.00"},{"v":0,"d":"RD$0.00"}]
["Oct-Dic 2024","2024-12-19","N/A","G024","2.3.9.2.01","1105019901","Materiales y suministros varios","Folder Financiero","UND",{"v":300,"d":"300.00"},{"v":60.05,"d":"RD$60.05"},{"v":18015,"d":"RD$18,015.00"}]
["Abril-Jun 2025","2025-04-03","N/A","G025","2.3.9.2.01","1105019901","Materiales y suministros varios","Folder pendaflex 8 1/2 X 11","UND",{"v":221,"d":"221.00"},{"v":6.76,"d":"RD$6.76"},{"v":1493.96,"d":"RD$1,493.96"}]
["Oct-Dic 2024","2024-12-19","N/A","G026","2.3.9.2.01","1105019901","Materiales y suministros varios","Folder pendaflex 8 1/2 X 14","UND",{"v":200,"d":"200.00"},{"v":5.55,"d":"RD$5.55"},{"v":1110,"d":"RD$1,110.00"}]
["Oct-Dic 2020","28/12/2020","N/A","G027","2.3.9.2.01","1105019901","Materiales y suministros varios","Folder Rojo","UND",{"v":0,"d":"0.00"},{"v":4,"d":"RD$4.00"},{"v":0,"d":"RD$0.00"}]
["Julio-sept 2019","2019-08-07","N/A","N/A","2.3.9.2.01","1105019901","Materiales y suministros varios","Folder Azul ","UN",{"v":0,"d":"0.00"},{"v":4,"d":"RD$4.00"},{"v":0,"d":"RD$0.00"}]
["abril-junio 2021","2021-06-23","N/A","N/A","2.3.9.2.01","1105019901","Materiales y suministros varios","Folder Amarillos ","UN",null,{"v":4,"d":"RD$4.00"},{"v":0,"d":"RD$0.00"}]
["N/A","N/A","N/A","G028","2.3.9.2.01","1105019901","Materiales y suministros varios","Folder Timbrado","UN",{"v":0,"d":"0.00"},{"v":40.6,"d":"RD$40.60"},{"v":0,"d":"RD$0.00"}]
["Oct-Dic 2024","2024-12-19","N/A","G029","2.3.9.2.01","1105019901","Materiales y suministros varios","Gancho para folders","CAJ",{"v":0,"d":"0.00"},{"v":42.37,"d":"RD$42.37"},{"v":0,"d":"RD$0.00"}]
["Jul-Sept 2026","2026-08-21","N/A","G030","2.3.9.2.01","1105019901","Materiales y suministros varios","Goma para borrar","UND",{"v":41,"d":"41.00"},{"v":6,"d":"RD$6.00"},{"v":246,"d":"RD$246.00"}]
["Julio-sept 2026","2026-07-23","N/A","G031","2.3.9.2.01","1105019901","Materiales y suministros varios","Gomitas","CAJ",{"v":26,"d":"26.00"},{"v":42,"d":"RD$42.00"},{"v":1092,"d":"RD$1,092.00"}]
["N/A","N/A","N/A","G032","2.3.9.2.01","1105019901","Materiales y suministros varios","Grapa bostitch 1/2\"","CAJ",{"v":0,"d":"0.00"},{"v":35,"d":"RD$35.00"},{"v":0,"d":"RD$0.00"}]
["Abril-Jun 2026","2026-05-21","N/A","N/A","2.3.9.2.01","1105019901","Materiales y suministros varios","Grapa de gran Volumen","CAJ",{"v":10,"d":"10.00"},{"v":128,"d":"RD$128.00"},{"v":1280,"d":"RD$1,280.00"}]
["Julio-sept 2026","2026-07-23","N/A","G033","2.3.9.2.01","1105019901","Materiales y suministros varios","Grapa estándar","CAJ",{"v":61,"d":"61.00"},{"v":27.11,"d":"RD$27.11"},{"v":1653.71,"d":"RD$1,653.71"}]
["Oct-Dic 2025","2025-12-17","N/A","G034","2.3.9.2.01","1105019901","Materiales y suministros varios","Grapa para contabilidad","CAJ",{"v":0,"d":"0.00"},{"v":45,"d":"RD$45.00"},{"v":0,"d":"RD$0.00"}]
["Julio-sept 2026","2026-07-23","N/A","G035","2.3.9.2.01","1105019901","Materiales y suministros varios","Grapadora","UND",{"v":15,"d":"15.00"},{"v":110.16,"d":"RD$110.16"},{"v":1652.3999999999999,"d":"RD$1,652.40"}]
["abril-junio 2014","2014-05-01","N/A","G036","2.3.9.2.01","1105019901","Materiales y suministros varios","Guillotina","UN",null,{"v":850,"d":"RD$850.00"},{"v":0,"d":"RD$0.00"}]
["Jul-Sept 2026","2026-08-21","N/A","G037","2.3.9.2.01","1105019901","Materiales y suministros varios","Labels para folders","CAJ",{"v":50,"d":"50.00"},{"v":47.5,"d":"RD$47.50"},{"v":2375,"d":"RD$2,375.00"}]
["Oct-Dic 2025","2025-12-17","N/A","G038","2.3.9.2.01","1105019901","Materiales y suministros varios","Lapicero azul","UND",{"v":1289,"d":"1,289.00"},{"v":6.4,"d":"RD$6.40"},{"v":8249.6,"d":"RD$8,249.60"}]
["Oct-Dic 2025","2025-12-17","N/A","G039","2.3.9.2.01","1105019901","Materiales y suministros varios","Lapicero negro","UND",{"v":96,"d":"96.00"},{"v":6.4,"d":"RD$6.40"},{"v":614.4000000000001,"d":"RD$614.40"}]
["Abril-Junio 2022","2022-06-06","N/A","G040","2.3.9.2.01","1105019901","Materiales y suministros varios","Lapicero rojo","UND",{"v":0,"d":"0.00"},{"v":5,"d":"RD$5.00"},{"v":0,"d":"RD$0.00"}]
["Abril-Jun 2024","2024-04-02","N/A","G041","2.3.9.2.01","1105019901","Materiales y suministros varios","Lápiz de carbón","UND",{"v":265,"d":"265.00"},{"v":6,"d":"RD$6.00"},{"v":1590,"d":"RD$1,590.00"}]
["abril-junio 2021","2021-06-23","N/A","G042","2.3.9.2.01","1105019901","Materiales y suministros varios","Libreta de mensajes telefónicos","UND",{"v":0,"d":"0.00"},{"v":120,"d":"RD$120.00"},{"v":0,"d":"RD$0.00"}]
["Oct-Dic 2025","2025-12-17","N/A","G043","2.3.9.2.01","1105019901","Materiales y suministros varios","Libreta rayada 5 X 8","UND",{"v":194,"d":"194.00"},{"v":23,"d":"RD$23.00"},{"v":4462,"d":"RD$4,462.00"}]
["Oct-Dic 2025","2025-12-17","N/A","G044","2.3.9.2.01","1105019901","Materiales y suministros varios","Libreta rayada 8 X 11","UND",{"v":252,"d":"252.00"},{"v":42,"d":"RD$42.00"},{"v":10584,"d":"RD$10,584.00"}]
["Abril-Jun 2026","2026-05-21","N/A","G045","2.3.9.2.01","1105019901","Materiales y suministros varios","Libro record 500 pag","UND",{"v":19,"d":"19.00"},{"v":385,"d":"RD$385.00"},{"v":7315,"d":"RD$7,315.00"}]
["Abril-Jun 2026","2026-05-21","N/A","N/A","2.3.9.2.01","1105019901","Materiales y suministros varios","Libro record 300 pag","UND",{"v":48,"d":"48.00"},{"v":305,"d":"RD$305.00"},{"v":14640,"d":"RD$14,640.00"}]
["Oct-Dic 2025","2025-12-17","N/A","G046","2.3.9.2.01","1105019901","Materiales y suministros varios","Marcador","UND",{"v":1206,"d":"1,206.00"},{"v":17,"d":"RD$17.00"},{"v":20502,"d":"RD$20,502.00"}]
["Abril-Jun 2026","2026-05-21","N/A","G047","2.3.9.2.01","1105019901","Materiales y suministros varios","Notas adhesivas 3X3","UND",{"v":2704,"d":"2,704.00"},{"v":26.8,"d":"RD$26.80"},{"v":72467.2,"d":"RD$72,467.20"}]
["Oct-Dic 2023","2023-12-19","N/A","G048","2.3.9.2.01","1105019901","Materiales y suministros varios","Notas adhesivas 3X5","UND",{"v":57,"d":"57.00"},{"v":63.9,"d":"RD$63.90"},{"v":3642.2999999999997,"d":"RD$3,642.30"}]
["Abril-Jun 2026","2026-05-21","N/A","G049","2.3.9.2.01","1105019901","Materiales y suministros varios","Notas de firma","UND",{"v":85,"d":"85.00"},{"v":85,"d":"RD$85.00"},{"v":7225,"d":"RD$7,225.00"}]
["Oct-Dic 2024","2024-12-19","N/A","G050","2.3.9.2.01","1105019901","Materiales y suministros varios","Pegamento en barra","UND",{"v":17,"d":"17.00"},{"v":153,"d":"RD$153.00"},{"v":2601,"d":"RD$2,601.00"}]
["Jul-Sept 2026","2026-08-21","N/A","G051","2.3.9.2.01","1105019901","Materiales y suministros varios","Perforadora de 1 hoyo","UND",{"v":20,"d":"20.00"},{"v":55,"d":"RD$55.00"},{"v":1100,"d":"RD$1,100.00"}]
["Abril-Jun 2026","2026-05-21","N/A","G052","2.3.9.2.01","1105019901","Materiales y suministros varios","Perforadora de 2 hoyos ","UND",{"v":18,"d":"18.00"},{"v":291,"d":"RD$291.00"},{"v":5238,"d":"RD$5,238.00"}]
["Abril-Jun 2026","2026-05-21","N/A","G053","2.3.9.2.01","1105019901","Materiales y suministros varios","Perforadora de 3 hoyos","UND",{"v":8,"d":"8.00"},{"v":650,"d":"RD$650.00"},{"v":5200,"d":"RD$5,200.00"}]
["Jul-Sept 2026","2026-08-21","N/A","G054","2.3.9.2.01","1105019901","Materiales y suministros varios","Pin (chinchetas)","CAJ",{"v":30,"d":"30.00"},{"v":24.5,"d":"RD$24.50"},{"v":735,"d":"RD$735.00"}]
["Abril-Jun 2025","2025-04-03","N/A","G055","2.3.9.2.01","1105019901","Materiales y suministros varios","Porta Lápiz","UND",{"v":1,"d":"1.00"},{"v":125,"d":"RD$125.00"},{"v":125,"d":"RD$125.00"}]
["Oct-Dic 2024","2024-12-19","N/A","G056","2.3.9.2.01","1105019901","Materiales y suministros varios","Porta tarjeta","UND",{"v":0,"d":"0.00"},{"v":255,"d":"RD$255.00"},{"v":0,"d":"RD$0.00"}]
["Jul-Sept 2026","2026-08-21","N/A","G058","2.3.9.2.01","1105019901","Materiales y suministros varios","Regla plástica","UND",{"v":47,"d":"47.00"},{"v":13,"d":"RD$13.00"},{"v":611,"d":"RD$611.00"}]
["Oct-Dic 2024","2024-12-19","N/A","G059","2.3.9.2.01","1105019901","Materiales y suministros varios","Regleta eléctrica","UND",{"v":0,"d":"0.00"},{"v":600,"d":"RD$600.00"},{"v":0,"d":"RD$0.00"}]
["Julio-sept 2026","2026-07-23","N/A","G060","2.3.9.2.01","1105019901","Materiales y suministros varios","Resaltador ","UND",{"v":210,"d":"210.00"},{"v":17,"d":"RD$17.00"},{"v":3570,"d":"RD$3,570.00"}]
["Julio-sept 2026","2026-07-23","N/A","G061","2.3.9.2.01","1105019901","Materiales y suministros varios","Saca grapa","UND",{"v":57,"d":"57.00"},{"v":28,"d":"RD$28.00"},{"v":1596,"d":"RD$1,596.00"}]
["Jul-Sept 2026","2026-07-13","N/A","G062","2.3.9.2.01","1105019901","Materiales y suministros varios","Separadores Carpetas 5/1","PAQ",{"v":17,"d":"17.00"},{"v":45,"d":"RD$45.00"},{"v":765,"d":"RD$765.00"}]
["Jul-Sept 2023","2023-07-05","N/A","G063","2.3.9.2.01","1105019901","Materiales y suministros varios","Separadores para carpeta","UND",{"v":0,"d":"0.00"},{"v":80,"d":"RD$80.00"},{"v":0,"d":"RD$0.00"}]
["julio-sept. 2018","2018-08-06","N/A","G064","2.3.9.2.01","1105019901","Materiales y suministros varios","Separadores para carpeta Universal","UND",null,{"v":22.99,"d":"RD$22.99"},{"v":0,"d":"RD$0.00"}]
["Oct-Dic 2025","2025-12-17","N/A","G065","2.3.9.2.01","1105019901","Materiales y suministros varios","Sobre manila 9X12","UND",{"v":0,"d":"0.00"},{"v":4,"d":"RD$4.00"},{"$f":"J81*K81","v":{"v":0,"d":"RD$0.00"}}]
["Oct-Dic 2024","2024-12-19","N/A","N/A","2.3.9.2.01","1105019901","Materiales y suministros varios","Sobre Manila 10x15","UND",null,null,{"v":0,"d":"RD$0.00"}]
["Oct-Dic 2025","2025-12-17","N/A","G066","2.3.9.2.01","1105019901","Materiales y suministros varios","Sobre manila 9X15","UND",{"v":0,"d":"0.00"},{"v":5,"d":"RD$5.00"},{"v":0,"d":"RD$0.00"}]
["Oct-Dic 2024","2024-12-19","N/A","G067","2.3.9.2.01","1105019901","Materiales y suministros varios","Sobre manila timbrado 9X12","UND",{"v":0,"d":"0.00"},{"v":11.21,"d":"RD$11.21"},{"v":0,"d":"RD$0.00"}]
["Oct-Dic 2024","2024-12-19","N/A","G068","2.3.9.2.01","1105019901","Materiales y suministros varios","Sobre manila timbrado 9X15","UND",{"v":0,"d":"0.00"},{"v":14.45,"d":"RD$14.45"},{"v":0,"d":"RD$0.00"}]
["Oct-Dic 2024","2024-12-19","N/A","G068","2.3.9.2.01","1105019901","Materiales y suministros varios","Sobre manila timbrado 9x15","UND",{"v":1258,"d":"1,258.00"},{"v":15,"d":"RD$15.00"},{"v":18870,"d":"RD$18,870.00"}]
["Oct-Dic 2024","2024-12-19","N/A","G069","2.3.9.2.01","1105019901","Materiales y suministros varios","Sobre para carta timbrado","UND",{"v":1043,"d":"1,043.00"},{"v":4,"d":"RD$4.00"},{"v":4172,"d":"RD$4,172.00"}]
["Oct-Dic 2024","2024-12-19","N/A","G070","2.3.9.2.01","1105019901","Materiales y suministros varios","Sobre para cartas blanco","UND",{"v":2270,"d":"2,270.00"},{"v":2.57,"d":"RD$2.57"},{"v":5833.9,"d":"RD$5,833.90"}]
["Abril-Jun 2025","2025-04-03","N/A","G071","2.3.9.2.01","1105019901","Materiales y suministros varios","Tablilla con gancho para apoyar","UND",{"v":2,"d":"2.00"},{"v":245,"d":"RD$245.00"},{"v":490,"d":"RD$490.00"}]
["Julio-sept 2026","2026-07-23","N/A","G072","2.3.9.2.01","1105019901","Materiales y suministros varios","Tijera","UND",{"v":44,"d":"44.00"},{"v":40,"d":"RD$40.00"},{"v":1760,"d":"RD$1,760.00"}]
["Abril-Jun 2026","2026-05-21","N/A","G073","2.3.9.2.01","1105019901","Materiales y suministros varios","Gotero Tinta Azul","UND",{"v":8,"d":"8.00"},{"v":45,"d":"RD$45.00"},{"v":360,"d":"RD$360.00"}]
["Julio-sept 2026","2026-07-23","N/A","N/A","2.3.9.2.01","1105019901","Materiales y suministros varios","Gotero Tinta Roja","UND",{"v":10,"d":"10.00"},{"v":27.55,"d":"RD$27.55"},{"v":275.5,"d":"RD$275.50"}]
["Abril-Jun 2016","2016-06-08","N/A","G074","2.3.9.2.01","1105019901","Materiales y suministros varios","Tinta almohadilla negra","UND",{"v":3,"d":"3.00"},{"v":110,"d":"RD$110.00"},{"v":330,"d":"RD$330.00"}]
["Abril-Jun 2016","2016-06-08","N/A","G075","2.3.9.2.01","1105019901","Materiales y suministros varios","Tinta almohadilla roja","UND",{"v":1,"d":"1.00"},{"v":110,"d":"RD$110.00"},{"v":110,"d":"RD$110.00"}]
["Abril-Jun 2024","2024-04-02","N/A","G076","2.3.9.2.01","1105019901","Materiales y suministros varios","Folder c/bolsillo Azul Satinado 25/1","UND",{"v":0,"d":"0.00"},{"v":66.84,"d":"RD$66.84"},{"v":0,"d":"RD$0.00"}]
["abril-jun 2016","1905-07-08","N/A","G078","2.3.9.2.01","1105019901","Materiales y suministros varios","Folder c/bolsillo Amarillo","UND",null,{"v":20,"d":"RD$20.00"},{"v":0,"d":"RD$0.00"}]
["Abril-Jun 2016","2016-06-08","N/A","G079","2.3.9.2.01","1105019901","Materiales y suministros varios","Folder c/bolsillo Rojo","UND",{"v":0,"d":"0.00"},{"v":20,"d":"RD$20.00"},{"v":0,"d":"RD$0.00"}]
["Jul-Sept 2023","28/9/2023","N/A","G080","2.3.9.2.01","1105019901","Materiales y suministros varios","Clip para Carnet","UND",{"v":245,"d":"245.00"},{"v":15.91,"d":"RD$15.91"},{"v":3897.95,"d":"RD$3,897.95"}]
["Abril-Jun 2024","2024-04-10","N/A","N/A","2.3.9.2.01","1105019901","Materiales y suministros varios","Lámina autoadhesiva para Carnet","PAQ",{"v":6,"d":"6.00"},{"v":258.6,"d":"RD$258.60"},{"v":1551.6000000000001,"d":"RD$1,551.60"}]
["Abril-Jun 2024","2024-04-10","N/A","N/A","2.3.9.2.01","1105019901","Materiales y suministros varios","Cordón para Carnet Azul 50/1","UND",{"v":0,"d":"0.00"},{"v":12.85,"d":"RD$12.85"},{"v":0,"d":"RD$0.00"}]
["Abril-Junio 2022","2022-06-06","N/A","G081","2.3.9.2.01","1105019901","Materiales y suministros varios","Lamina para Carnet 600/1","PAQ",{"v":5,"d":"5.00"},{"v":2288,"d":"RD$2,288.00"},{"v":11440,"d":"RD$11,440.00"}]
["Abril-Jun 2024","2024-04-10","N/A","N/A","2.3.9.2.01","1105019901","Materiales y suministros varios","Porta Carnet Plástico Vertical 5.5x 8.5 cm 50/1","UND",{"v":40,"d":"40.00"},{"v":11,"d":"RD$11.00"},{"v":440,"d":"RD$440.00"}]
["Julio-sept 2026","2026-07-23","N/A","G082","2.3.9.2.01","1105019901","Materiales y suministros varios","Plastico PVC para Carnet","PAQ",{"v":12,"d":"12.00"},{"v":1028,"d":"RD$1,028.00"},{"v":12336,"d":"RD$12,336.00"}]
["Oct-Dic 2023","22/12/2023","N/A","N/A","2.3.9.2.01","1105019901","Materiales y suministros varios","Espirales para encuadernar 3/8","UND",{"v":500,"d":"500.00"},{"v":7.51,"d":"RD$7.51"},{"v":3755,"d":"RD$3,755.00"}]
["Oct-Dic 2023","22/12/2023","N/A","G083","2.3.9.2.01","1105019901","Materiales y suministros varios","Espirales para encuadernar 1/2","UND",{"v":0,"d":"0.00"},{"v":7.83,"d":"RD$7.83"},{"v":0,"d":"RD$0.00"}]
["Oct-Dic 2017","2017-10-20","N/A","G084","2.3.9.2.01","1105019901","Materiales y suministros varios","Libro de contabilidad de 6 columna","UND",{"v":0,"d":"0.00"},{"v":92.11,"d":"RD$92.11"},{"v":0,"d":"RD$0.00"}]
["Oct-Dic 2023","22/12/2023","N/A","N/A","2.3.9.2.01","1105019901","Materiales y suministros varios","Espirales para encuadernar 3/4","UND",{"v":300,"d":"300.00"},{"v":7.1,"d":"RD$7.10"},{"v":2130,"d":"RD$2,130.00"}]
["Ene-Marzo 2023","14/3/2023","N/A","N/A","2.3.9.2.01","1105019901","Materiales y suministros varios","Espirales para encuadernar 1","UND",{"v":0,"d":"0.00"},{"v":9.66,"d":"RD$9.66"},{"v":0,"d":"RD$0.00"}]
["Abril-Jun 2026","2026-05-21","N/A","N/A","2.3.9.2.01","1105019901","Materiales y suministros varios","Bandeja de 3 niveles ","UND",{"v":36,"d":"36.00"},{"v":594,"d":"RD$594.00"},{"v":21384,"d":"RD$21,384.00"}]
["Abril-Jun 2026","2026-05-21","N/A","G085","2.3.9.2.01","1105019901","Materiales y suministros varios","Protectores de Hojas","PAQ",{"v":13,"d":"13.00"},{"v":176,"d":"RD$176.00"},{"v":2288,"d":"RD$2,288.00"}]
["Abril-Jun 2026","2026-05-21","N/A","G086","2.3.9.2.01","1105019901","Materiales y suministros varios","Borrador de Pizarra","UN",{"v":24,"d":"24.00"},{"v":73,"d":"RD$73.00"},{"v":1752,"d":"RD$1,752.00"}]
["Oct-Dic 2025","2025-12-17","N/A","N/A","2.3.9.2.01","1105019901","Materiales y suministros varios","Limpia Pizarra","UN",{"v":18,"d":"18.00"},{"v":303,"d":"RD$303.00"},{"v":5454,"d":"RD$5,454.00"}]
["Oct-Dic 2025","2025-12-17","N/A","G087","2.3.9.2.01","1105019901","Materiales y suministros varios","Marcadores para Pizarra","UND",{"v":27,"d":"27.00"},{"v":26,"d":"RD$26.00"},{"v":702,"d":"RD$702.00"}]
["Ene-Mar 2024","25/03/2024","N/A","G088","2.3.9.2.01","1105019901","Materiales y suministros varios","Labels para CD ","PAQ",{"v":16,"d":"16.00"},{"v":520.62,"d":"RD$520.62"},{"v":8329.92,"d":"RD$8,329.92"}]
["Oct-Dic 2025","2025-12-17","N/A","G089","2.3.9.2.01","1105019901","Materiales y suministros varios","Folder Partion 8 1/2 x 11 6 divisiones ","CAJ",{"v":19,"d":"19.00"},{"v":4273,"d":"RD$4,273.00"},{"v":81187,"d":"RD$81,187.00"}]
["abril-junio 2021","23/6/2021","N/A","G090","2.3.9.2.01","1105019901","Materiales y suministros varios","Sobre para CD","UND",{"v":88,"d":"88.00"},{"v":1,"d":"RD$1.00"},{"v":88,"d":"RD$88.00"}]
["Papel de Escritorio"]
["Oct-Dic 2020","30/12/2020","N/A","P001","2.3.3.2.01","1105010301","Productos de papel, cartón e impresos","Papel A4","RES",{"v":7,"d":"7.00"},{"v":216.1,"d":"RD$216.10"},{"$f":"+J118*K118","v":{"v":1512.7,"d":"RD$1,512.70"}}]
["Abril-Jun 2026","2026-04-30","N/A","N/A","2.3.3.1.01","1105010301","Productos de papel, cartón e impresos","Papel bond 8 1/2 X 11 Timbrada Metrologia ","RES",{"v":17,"d":"17.00"},{"v":754.24,"d":"RD$754.24"},{"$f":"+J119*K119","v":{"v":12822.08,"d":"RD$12,822.08"}}]
["Jul-Sept 2026","2026-07-13","N/A","P002","2.3.3.1.01","1105010301","Productos de papel, cartón e impresos","Papel bond 8 1/2 X 11","RES",{"v":199,"d":"199.00"},{"v":218.06,"d":"RD$218.06"},{"v":43393.94,"d":"RD$43,393.94"}]
["Jul-Sept 2026","2026-08-21","N/A","P004","2.3.3.1.01","1105010301","Productos de papel, cartón e impresos","Papel bond 8 1/2 X 14","RES",{"v":10,"d":"10.00"},{"v":226,"d":"RD$226.00"},{"v":2260,"d":"RD$2,260.00"}]
["Julio-sept 2026","2026-07-23","N/A","P006","2.3.3.1.01","1105010301","Productos de papel, cartón e impresos","Papel cartonite 500/1","RES",{"v":10,"d":"10.00"},{"v":538.96,"d":"RD$538.96"},{"v":5389.6,"d":"RD$5,389.60"}]
["Jul-Sept 2026","2026-07-31","N/A","P003","2.3.3.1.01","1105010301","Productos de papel, cartón e impresos","Papel bond 8 1/2 X 11 Timbrada","RES",{"v":30,"d":"30.00"},{"v":661.01,"d":"RD$661.01"},{"v":19830.3,"d":"RD$19,830.30"}]
["Oct-Dic 2025","2025-12-17","N/A","P009","2.3.3.1.01","1105010301","Productos de papel, cartón e impresos","Papel en hilo blanco 8 1/2 X 11","RES",{"v":11,"d":"11.00"},{"v":581,"d":"RD$581.00"},{"v":6391,"d":"RD$6,391.00"}]
["abril-jun 2016","1905-07-08","N/A","P010","2.3.3.1.01","1105010301","Productos de papel, cartón e impresos","Papel en hilo crema 8 1/2 X 11","RES",null,{"v":400,"d":"RD$400.00"},{"v":0,"d":"RD$0.00"}]
["Oct-Dic 2025","2025-12-17","N/A","N/A","2.3.3.1.01","1105010301","Productos de papel, cartón e impresos","Rollo Térmico 3 1/8 ","UND",{"v":38,"d":"38.00"},{"v":38.79,"d":"RD$38.79"},{"v":1474.02,"d":"RD$1,474.02"}]
["Ene-Mar 2024","25/03/2024","N/A","P011","2.3.3.1.01","1105010301","Productos de papel, cartón e impresos","Rollo papel para sumadora","UND",{"v":255,"d":"255.00"},{"v":26,"d":"RD$26.00"},{"v":6630,"d":"RD$6,630.00"}]
["Cartuchos y Toners"]
["Julio-sept 2026","2026-07-26","N/A","T011","2.3.9.2.01","1105019901","Materiales y suministros varios","Toner Hp 278A","UND",{"v":47,"d":"47.00"},{"v":4180.15,"d":"RD$4,180.15"},{"v":196467.05,"d":"RD$196,467.05"}]
["Oct-Dic 2020","2020-12-28","N/A","T022","2.3.9.2.01","1105019901","Materiales y suministros varios","CD","UND",{"v":195,"d":"195.00"},{"v":13,"d":"RD$13.00"},{"v":2535,"d":"RD$2,535.00"}]
["Oct-Dic 2020","2020-12-28","N/A","T023","2.3.9.2.01","1105019901","Materiales y suministros varios","DVD","UND",{"v":100,"d":"100.00"},{"v":13.99,"d":"RD$13.99"},{"v":1399,"d":"RD$1,399.00"}]
["Abril-Jun 2024","28/5/2024","N/A","T026","2.3.9.2.01","1105019901","Materiales y suministros varios","Cinta Epson 8750","UND",{"v":4,"d":"4.00"},{"v":337,"d":"RD$337.00"},{"v":1348,"d":"RD$1,348.00"}]
["Ene-Mar 2025","2025-02-03","N/A","N/A","2.3.9.2.01","1105019901","Materiales y suministros varios","Cinta Zebra ","UND",{"v":2,"d":"2.00"},{"v":2684.41,"d":"RD$2,684.41"},{"v":5368.82,"d":"RD$5,368.82"}]
["Jul-Sept 2023","2023-09-01","N/A","N/A","2.3.9.2.01","1105019901","Materiales y suministros varios","EPSON 504  NEGRO","UND",{"v":0,"d":"0.00"},{"v":350,"d":"RD$350.00"},{"v":0,"d":"RD$0.00"}]
["Jul-Sept 2023","2023-09-01","N/A","N/A","2.3.9.2.01","1105019901","Materiales y suministros varios","EPSON 504  MAGENTA ","UND",{"v":0,"d":"0.00"},{"v":350,"d":"RD$350.00"},{"v":0,"d":"RD$0.00"}]
["Jul-Sept 2023","2023-09-01","N/A","N/A","2.3.9.2.01","1105019901","Materiales y suministros varios","EPSON 504  YELOW","UND",{"v":0,"d":"0.00"},{"v":350,"d":"RD$350.00"},{"v":0,"d":"RD$0.00"}]
["Jul-Sept 2023","2023-09-01","N/A","N/A","2.3.9.2.01","1105019901","Materiales y suministros varios","EPSON 504  CYAN","UND",{"v":0,"d":"0.00"},{"v":350,"d":"RD$350.00"},{"v":0,"d":"RD$0.00"}]
["Abril-Jun 2026","2026-06-15","N/A","N/A","2.3.9.2.01","1105019901","Materiales y suministros varios","EPSON 544 NEGRO","UND",{"v":42,"d":"42.00"},{"v":438.2,"d":"RD$438.20"},{"v":18404.399999999998,"d":"RD$18,404.40"}]
["Abril-Jun 2026","2026-06-15","N/A","N/A","2.3.9.2.01","1105019901","Materiales y suministros varios","EPSON 544 MAGENTA","UND",{"v":32,"d":"32.00"},{"v":438.2,"d":"RD$438.20"},{"v":14022.4,"d":"RD$14,022.40"}]
["Abril-Jun 2026","2026-06-15","N/A","N/A","2.3.9.2.01","1105019901","Materiales y suministros varios","EPSON 544 YELLOW","UND",{"v":27,"d":"27.00"},{"v":438.2,"d":"RD$438.20"},{"v":11831.4,"d":"RD$11,831.40"}]
["Abril-Jun 2026","2026-06-15","N/A","N/A","2.3.9.2.01","1105019901","Materiales y suministros varios","EPSON 544 CYAN","UND",{"v":25,"d":"25.00"},{"v":438.2,"d":"RD$438.20"},{"v":10955,"d":"RD$10,955.00"}]
["julio-sept. 2018","2018-08-24","N/A","N/A","2.3.9.2.01","1105019901","Materiales y suministros varios","CANON 190 -  NEGRO","UND",null,{"v":626,"d":"RD$626.00"},{"v":0,"d":"RD$0.00"}]
["julio-sept. 2018","2018-08-24","N/A","N/A","2.3.9.2.01","1105019901","Materiales y suministros varios","CANON 190 - AMARILLO","UND",null,{"v":626,"d":"RD$626.00"},{"v":0,"d":"RD$0.00"}]
["julio-sept. 2018","2018-08-24","N/A","N/A","2.3.9.2.01","1105019901","Materiales y suministros varios","CANON 190 - CYAN ","UND",null,{"v":626,"d":"RD$626.00"},{"v":0,"d":"RD$0.00"}]
["julio-sept. 2018","2018-08-24","N/A","N/A","2.3.9.2.01","1105019901","Materiales y suministros varios","CANON 190 - MAGENTA ","UND",null,{"v":626,"d":"RD$626.00"},{"v":0,"d":"RD$0.00"}]
["Oct-Dic 2022","2022-12-15","N/A","N/A","2.3.9.2.01","1105019901","Materiales y suministros varios","EPSON 544 CYAN","UND",null,{"v":626,"d":"RD$626.00"},{"v":0,"d":"RD$0.00"}]
["Julio-sept 2026","2026-07-26","N/A","N/A","2.3.9.2.01","1105019901","Materiales y suministros varios","EPSON 504 NEGRO","UND",{"v":16,"d":"16.00"},{"v":576.71,"d":"RD$576.71"},{"v":9227.36,"d":"RD$9,227.36"}]
["Ene-Mar 2025","2025-02-03","N/A","N/A","2.3.9.2.01","1105019901","Materiales y suministros varios","EPSON 504 MAGENTA","UND",{"v":44,"d":"44.00"},{"v":350,"d":"RD$350.00"},{"v":15400,"d":"RD$15,400.00"}]
["Ene-Mar 2025","2025-02-03","N/A","N/A","2.3.9.2.01","1105019901","Materiales y suministros varios","EPSON 504 YELLOW","UND",{"v":39,"d":"39.00"},{"v":350,"d":"RD$350.00"},{"v":13650,"d":"RD$13,650.00"}]
["Ene-Mar 2025","2025-02-03","N/A","N/A","2.3.9.2.01","1105019901","Materiales y suministros varios","EPSON 504 CYAN","UND",{"v":19,"d":"19.00"},{"v":350,"d":"RD$350.00"},{"v":6650,"d":"RD$6,650.00"}]
["Jul-Sept 2026","2026-07-31","N/A","N/A","2.3.9.2.01","1105019901","Materiales y suministros varios","Tinta Epson T11A1 Negro","UND",{"v":18,"d":"18.00"},{"v":2036.94,"d":"RD$2,036.94"},{"v":36664.92,"d":"RD$36,664.92"}]
["Jul-Sept 2026","2026-07-31","N/A","N/A","2.3.9.2.01","1105019901","Materiales y suministros varios","Tinta Epson T11A2 Cyan","UND",{"v":29,"d":"29.00"},{"v":3436.72,"d":"RD$3,436.72"},{"v":99664.87999999999,"d":"RD$99,664.88"}]
["Jul-Sept 2026","2026-07-31","N/A","N/A","2.3.9.2.01","1105019901","Materiales y suministros varios","Tinta Epson T11A3 Magenta","UND",{"v":41,"d":"41.00"},{"v":3436.72,"d":"RD$3,436.72"},{"v":140905.52,"d":"RD$140,905.52"}]
["Jul-Sept 2026","2026-07-31","N/A","N/A","2.3.9.2.01","1105019901","Materiales y suministros varios","Tinta Epson T11A4 Amarillo","UND",{"v":42,"d":"42.00"},{"v":3436.72,"d":"RD$3,436.72"},{"v":144342.24,"d":"RD$144,342.24"}]
["Ene-Mar 2025","2025-02-03","N/A","N/A","2.3.9.2.01","1105019901","Materiales y suministros varios","HP LASERJET CF283A BLACK","UND",{"v":0,"d":"0.00"},{"v":3884.41,"d":"RD$3,884.41"},{"v":0,"d":"RD$0.00"}]
["Jul-Sept 2026","2026-07-31","N/A","N/A","2.3.9.2.01","1105019901","Materiales y suministros varios","Toner HP 150A Negro","UND",{"v":11,"d":"11.00"},{"v":3354.81,"d":"RD$3,354.81"},{"v":36902.909999999996,"d":"RD$36,902.91"}]
["Ene-Mar 2025","2025-02-03","N/A","N/A","2.3.9.2.01","1105019901","Materiales y suministros varios","HP Laserjet Toner 202A (CF500A) Black ","UND",{"v":0,"d":"0.00"},{"v":2350,"d":"RD$2,350.00"},{"v":0,"d":"RD$0.00"}]
["Ene-Mar 2025","2025-02-03","N/A","N/A","2.3.9.2.01","1105019901","Materiales y suministros varios","HP Laserjet TONER 202A (CF501A) Cyan ","UND",{"v":0,"d":"0.00"},{"v":2350,"d":"RD$2,350.00"},{"v":0,"d":"RD$0.00"}]
["Ene-Mar 2025","2025-02-03","N/A","N/A","2.3.9.2.01","1105019901","Materiales y suministros varios","HP Laserjet TONER 202A (CF502A) Yellow ","UND",{"v":0,"d":"0.00"},{"v":2350,"d":"RD$2,350.00"},{"v":0,"d":"RD$0.00"}]
["Ene-Mar 2025","2025-02-03","N/A","N/A","2.3.9.2.01","1105019901","Materiales y suministros varios","HP Laserjet Toner 202A (CF503A) Magenta  ","UND",{"v":0,"d":"0.00"},{"v":2350,"d":"RD$2,350.00"},{"v":0,"d":"RD$0.00"}]
["Oct-Dic 2022","2022-12-15","N/A","N/A","2.3.9.2.01","1105019901","Materiales y suministros varios","TONER HP 58A","UND",{"v":0,"d":"0.00"},{"v":2350,"d":"RD$2,350.00"},{"v":0,"d":"RD$0.00"}]
["Oct-Dic 2022","2022-12-15","N/A","N/A","2.3.9.2.01","1105019901","Materiales y suministros varios","TONER HP 414A BLACK ","UND",{"v":0,"d":"0.00"},{"v":2350,"d":"RD$2,350.00"},{"v":0,"d":"RD$0.00"}]
["Oct-Dic 2022","2022-12-15","N/A","N/A","2.3.9.2.01","1105019901","Materiales y suministros varios","TONER HP 414A MAGENTA","UND",{"v":0,"d":"0.00"},{"v":2350,"d":"RD$2,350.00"},{"v":0,"d":"RD$0.00"}]
["Oct-Dic 2022","2022-12-15","N/A","N/A","2.3.9.2.01","1105019901","Materiales y suministros varios","TONER HP 414A YELLOW","UND",{"v":0,"d":"0.00"},{"v":2350,"d":"RD$2,350.00"},{"v":0,"d":"RD$0.00"}]
["Oct-Dic 2022","2022-12-15","N/A","N/A","2.3.9.2.01","1105019901","Materiales y suministros varios","TONER HP 414A CYAN","UND",{"v":0,"d":"0.00"},{"v":2350,"d":"RD$2,350.00"},{"v":0,"d":"RD$0.00"}]
["Jul-Sept 2026","2026-07-31","N/A","N/A","2.3.9.2.01","1105019901","Materiales y suministros varios","Toner HP 230A Negro ","UND",{"v":1,"d":"1.00"},{"v":5317.77,"d":"RD$5,317.77"},{"v":5317.77,"d":"RD$5,317.77"}]
["Jul-Sept 2026","2026-07-31","N/A","N/A","2.3.9.2.01","1105019901","Materiales y suministros varios","Toner HP 230A Cyan","UND",{"v":5,"d":"5.00"},{"v":6416.44,"d":"RD$6,416.44"},{"v":32082.199999999997,"d":"RD$32,082.20"}]
["Jul-Sept 2026","2026-07-31","N/A","N/A","2.3.9.2.01","1105019901","Materiales y suministros varios","Toner HP 230A Magenta","UND",{"v":5,"d":"5.00"},{"v":6416.44,"d":"RD$6,416.44"},{"v":32082.199999999997,"d":"RD$32,082.20"}]
["Jul-Sept 2026","2026-07-31","N/A","N/A","2.3.9.2.01","1105019901","Materiales y suministros varios","Toner HP 230A Amarillo","UND",{"v":5,"d":"5.00"},{"v":6416.44,"d":"RD$6,416.44"},{"v":32082.199999999997,"d":"RD$32,082.20"}]
["Ene-Mar 2026","2026-02-10","N/A","N/A","2.3.9.2.01","1105019901","Materiales y suministros varios","Tóner Hp 206A (W2110A Black)","UND",{"v":40,"d":"40.00"},{"v":4182.75,"d":"RD$4,182.75"},{"v":167310,"d":"RD$167,310.00"}]
["Oct-Dic 2025","2025-12-05","N/A","N/A","2.3.9.2.01","1105019901","Materiales y suministros varios","Tóner Hp 206A (W2110A Cyan)","UND",{"v":30,"d":"30.00"},{"v":4894.67,"d":"RD$4,894.67"},{"v":146840.1,"d":"RD$146,840.10"}]
["Oct-Dic 2025","2025-12-05","N/A","N/A","2.3.9.2.01","1105019901","Materiales y suministros varios","Tóner Hp 206A (W2110A Yellow)","UND",{"v":30,"d":"30.00"},{"v":4894.67,"d":"RD$4,894.67"},{"v":146840.1,"d":"RD$146,840.10"}]
["Abril-Jun 2026","2026-06-15","N/A","N/A","2.3.9.2.01","1105019901","Materiales y suministros varios","Botella de Tinta Btd100bk Negro Brother","UND",{"v":17,"d":"17.00"},{"v":747.73,"d":"RD$747.73"},{"v":12711.41,"d":"RD$12,711.41"}]
["Abril-Jun 2026","2026-06-15","N/A","N/A","2.3.9.2.01","1105019901","Materiales y suministros varios","Botella de Tinta Btd100c Cian Brother","UND",{"v":7,"d":"7.00"},{"v":518.09,"d":"RD$518.09"},{"v":3626.63,"d":"RD$3,626.63"}]
["Abril-Jun 2026","2026-06-15","N/A","N/A","2.3.9.2.01","1105019901","Materiales y suministros varios","Botella de Tinta Btd100m Magenta Brother","UND",{"v":7,"d":"7.00"},{"v":449.3,"d":"RD$449.30"},{"v":3145.1,"d":"RD$3,145.10"}]
["Abril-Jun 2026","2026-06-15","N/A","N/A","2.3.9.2.01","1105019901","Materiales y suministros varios","Botella de Tinta Btd100y Amarillo Brother","UND",{"v":7,"d":"7.00"},{"v":529.6,"d":"RD$529.60"},{"v":3707.2000000000003,"d":"RD$3,707.20"}]
["Oct-Dic 2025","2025-12-05","N/A","N/A","2.3.9.2.01","1105019901","Materiales y suministros varios","Tóner Hp 206A (W2110A Magenta)","UND",{"v":31,"d":"31.00"},{"v":4894.67,"d":"RD$4,894.67"},{"v":151734.77,"d":"RD$151,734.77"}]
["Jul-Sept 2026","2026-07-31","N/A","N/A","2.3.9.2.01","1105019901","Materiales y suministros varios","Toner HP CF226JC original black ","UND",{"v":5,"d":"5.00"},{"v":7068.92,"d":"RD$7,068.92"},{"v":35344.6,"d":"RD$35,344.60"}]
["Jul-Sept 2026","2026-07-31","N/A","N/A","2.3.9.2.01","1105019901","Materiales y suministros varios","Tóner Hp 105A Negro","UND",{"v":42,"d":"42.00"},{"v":2982.68,"d":"RD$2,982.68"},{"v":125272.56,"d":"RD$125,272.56"}]
["Oct-Dic 2025","2025-12-05","N/A","N/A","2.3.9.2.01","1105019901","Materiales y suministros varios","CARTUCHO HP 954 NEGRO","UND",{"v":0,"d":"0.00"},{"v":1800.34,"d":"RD$1,800.34"},{"v":0,"d":"RD$0.00"}]
["Oct-Dic 2025","2025-12-05","N/A","N/A","2.3.9.2.01","1105019901","Materiales y suministros varios"," CARTUCHO HP 954 MAGENTA","UND",{"v":0,"d":"0.00"},{"v":1259.9,"d":"RD$1,259.90"},{"v":0,"d":"RD$0.00"}]
["Oct-Dic 2025","2025-12-05","N/A","N/A","2.3.9.2.01","1105019901","Materiales y suministros varios","CARTUCHO HP 954 AMARILLO","UND",{"v":0,"d":"0.00"},{"v":1259.9,"d":"RD$1,259.90"},{"v":0,"d":"RD$0.00"}]
["Oct-Dic 2025","2025-12-05","N/A","N/A","2.3.9.2.01","1105019901","Materiales y suministros varios","CARTUCHO HP 954  AZUL ","UND",{"v":0,"d":"0.00"},{"v":1259.9,"d":"RD$1,259.90"},{"v":0,"d":"RD$0.00"}]
["Oct-Dic 2025","2025-12-05","N/A","N/A","2.3.9.2.01","1105019901","Materiales y suministros varios","Toner HP 83A BLACK","UND",{"v":7,"d":"7.00"},{"v":5849,"d":"RD$5,849.00"},{"v":40943,"d":"RD$40,943.00"}]
["Talonarios y Sellos"]
["jul-sept 2017","2017-08-04","N/A","N/A","2.3.3.3.01","1105010301","Productos de papel, cartón e impresos","Caja Chija Direccion General","BLO",{"v":3,"d":"3.00"},{"v":125,"d":"RD$125.00"},{"$f":"+J186*K186","v":{"v":375,"d":"RD$375.00"}}]
["Ene-Mar 2026","2026-01-08","N/A","N/A","2.3.3.3.01","1105010301","Productos de papel, cartón e impresos","Formulario de Desembolso Provisional","BLO",{"v":9,"d":"9.00"},{"v":148.31,"d":"RD$148.31"},{"$f":"+J187*K187","v":{"v":1334.79,"d":"RD$1,334.79"}}]
["Abril-Jun 2026","2026-04-30","N/A","N/A","2.3.3.3.01","1105010301","Productos de papel, cartón e impresos","Factura Pro-Forma Santo Domingo","BLO",{"v":20,"d":"20.00"},{"v":207.63,"d":"RD$207.63"},{"v":4152.6,"d":"RD$4,152.60"}]
["Abril-Jun 2026","2026-04-30","N/A","N/A","2.3.3.3.01","1105010301","Productos de papel, cartón e impresos","Desembolso de Caja chica (LABORATORIO)","BLO",{"v":0,"d":"0.00"},{"v":148.31,"d":"RD$148.31"},{"v":0,"d":"RD$0.00"}]
["Abril-Jun 2026","2026-04-30","N/A","N/A","2.3.3.3.01","1105010301","Productos de papel, cartón e impresos","Formulario de Desembolso  Provisional de Caja Chica (LABORATORIO) ","BLO",{"v":0,"d":"0.00"},{"v":148.31,"d":"RD$148.31"},{"v":0,"d":"RD$0.00"}]
["Ene-Mar 2026","2026-01-08","N/A","N/A","2.3.3.3.01","1105010301","Productos de papel, cartón e impresos","Facturas Pro-Forma Santiago","BLO",{"v":40,"d":"40.00"},{"v":207.63,"d":"RD$207.63"},{"v":8305.2,"d":"RD$8,305.20"}]
["Ene-Mar 2026","2026-01-08","N/A","N/A","2.3.3.3.01","1105010301","Productos de papel, cartón e impresos","Formulario de Desembolso  Provisional de Caja Chica, ","BLO",{"v":9,"d":"9.00"},{"v":148.31,"d":"RD$148.31"},{"v":1334.79,"d":"RD$1,334.79"}]
["Ene-Mar 2026","2026-01-08","N/A","F002","2.3.3.3.01","1105010301","Productos de papel, cartón e impresos","Formulario de Desembolso de Caja Chica, ","BLO",{"v":28,"d":"28.00"},{"v":148.31,"d":"RD$148.31"},{"v":4152.68,"d":"RD$4,152.68"}]
["abril-jun 2016","1905-07-08","N/A","F004","2.3.3.3.01","1105010301","Productos de papel, cartón e impresos","Reporte Evaluación división de Inspección  en Aduanas","BLO",null,{"v":385,"d":"RD$385.00"},{"v":0,"d":"RD$0.00"}]
["Ene-Mar 2026","2026-01-08","N/A","F005","2.3.3.3.01","1105010301","Productos de papel, cartón e impresos","Formulario Aut. de permisos, tardanzas y ausencias","BLO",{"v":32,"d":"32.00"},{"v":207.63,"d":"RD$207.63"},{"v":6644.16,"d":"RD$6,644.16"}]
["ene-mar 2017","2017-01-27","N/A","F006","2.3.3.3.01","1105010301","Productos de papel, cartón e impresos","Formulario de Reparadores Autorizados (RPA)","BLO",null,{"v":250,"d":"RD$250.00"},{"v":0,"d":"RD$0.00"}]
["N/A","N/A","N/A","F007","2.3.3.3.01","1105010301","Productos de papel, cartón e impresos","Sección de certif. de Reglamentos técnicos en aduana","BLO",{"v":0,"d":"0.00"},{"v":245,"d":"RD$245.00"},{"v":0,"d":"RD$0.00"}]
["Ene-Mar 2026","2026-01-08","N/A","F008","2.3.3.3.01","1105010301","Productos de papel, cartón e impresos","Formulario de Desembolso de Operaciones","BLO",{"v":29,"d":"29.00"},{"v":148.31,"d":"RD$148.31"},{"v":4300.99,"d":"RD$4,300.99"}]
["Ene- Mar 2022","2022-02-17","N/A","N/A","2.3.3.3.01","1105010301","Productos de papel, cartón e impresos","Informe de Verificacion Medidores de Gas Natural Vehicular ","BLO",{"v":14,"d":"14.00"},{"v":515,"d":"RD$515.00"},{"v":7210,"d":"RD$7,210.00"}]
["Abril-Jun 2016","2016-06-08","N/A","F009","2.3.3.3.01","1105010301","Productos de papel, cartón e impresos","Formulario de Supervisión  de sellos de calidad","BLO",{"v":63,"d":"63.00"},{"v":250,"d":"RD$250.00"},{"v":15750,"d":"RD$15,750.00"}]
["Ene-Mar 2026","2026-01-08","N/A","F010","2.3.3.3.01","1105010301","Productos de papel, cartón e impresos","Formulario Verificación de Medidores de Flujo","BLO",{"v":15,"d":"15.00"},{"v":148.31,"d":"RD$148.31"},{"v":2224.65,"d":"RD$2,224.65"}]
["abril-junio 2022","2022-04-11","N/A","G057","2.3.3.6.01","1105010301","Productos de papel, cartón e impresos","Precinto de seguridad 100/1","PAQ",{"v":6,"d":"6.00"},{"v":4320,"d":"RD$4,320.00"},{"v":25920,"d":"RD$25,920.00"}]
["Abril-Jun 2026","2026-04-30","N/A","N/A","2.3.3.3.01","1105010301","Productos de papel, cartón e impresos","Surtidores de Combustible Liquido (SANTIAGO)","BLO",{"v":25,"d":"25.00"},{"v":292.37,"d":"RD$292.37"},{"v":7309.25,"d":"RD$7,309.25"}]
["Jul-Sept 2026","2026-07-31","N/A","F011","2.3.3.3.01","1105010301","Productos de papel, cartón e impresos","Formulario Verificación de Instrumentos de Pesar ","BLO",{"v":10,"d":"10.00"},{"v":292.37,"d":"RD$292.37"},{"v":2923.7,"d":"RD$2,923.70"}]
["Jul-Sept 2026","2026-07-31","N/A","F012","2.3.3.3.01","1105010301","Productos de papel, cartón e impresos"," Surtidores de Combustibles Líquido (Santo Domingo)","BLO",{"v":22,"d":"22.00"},{"v":292.37,"d":"RD$292.37"},{"v":6432.14,"d":"RD$6,432.14"}]
["Oct-Dic 2025","2025-11-05","N/A","F014","2.3.3.6.01","1105010301","Productos de papel, cartón e impresos","Sellos Amarillos (Reparación) 1/1","UND",{"v":1527,"d":"1,527.00"},{"v":4.75,"d":"RD$4.75"},{"v":7253.25,"d":"RD$7,253.25"}]
["Abril-Jun 2016","29/4/2016","N/A","N/A","2.3.3.6.01","1105010301","Productos de papel, cartón e impresos","Precinto Etiqueta Roja ","UND",{"v":250,"d":"250.00"},{"v":4.75,"d":"RD$4.75"},{"v":1187.5,"d":"RD$1,187.50"}]
["Ene-Mar 2026","2026-01-28","N/A","N/A","2.3.3.6.01","1105010301","Productos de papel, cartón e impresos","Precinto de seguridad plastico","UND",{"v":1900,"d":"1900.00"},{"v":15,"d":"RD$15.00"},{"v":28500,"d":"RD$28,500.00"}]
["Oct-Dic 2025","2025-11-05","N/A","F015","2.3.3.6.01","1105010301","Productos de papel, cartón e impresos","Sellos Rojos (Rechazado) 1/1","UND",{"v":986,"d":"986.00"},{"v":3.5,"d":"RD$3.50"},{"v":3451,"d":"RD$3,451.00"}]
["Abril-Jun 2024","2017-02-23","N/A","F017","2.3.3.6.01","1105010301","Productos de papel, cartón e impresos","Sello modelo aprobado","UND",null,{"v":4.35,"d":"RD$4.35"},{"v":0,"d":"RD$0.00"}]
["Abril-Jun 2024","2023-02-15","N/A","F018","2.3.3.6.01","1105010301","Productos de papel, cartón e impresos","Recibo de Ingreso ","UND",null,{"v":125,"d":"RD$125.00"},{"v":0,"d":"RD$0.00"}]
["Abril-Jun 2024","1905-07-08","N/A","N/A","2.3.3.6.01","1105010301","Productos de papel, cartón e impresos","Recibo Provicional ","UND",null,{"v":125,"d":"RD$125.00"},{"v":0,"d":"RD$0.00"}]
["Abril-Jun 2024","1905-07-08","N/A","F019","2.3.3.6.01","1105010301","Productos de papel, cartón e impresos","Formulario Evaluacion RTD 458","UND",null,{"v":225,"d":"RD$225.00"},{"v":0,"d":"RD$0.00"}]
["Abril-Jun 2024","2018-09-11","N/A","N/A","2.3.3.6.01","1105010301","Productos de papel, cartón e impresos","Formulario Verificación Surtidores de Combustibles Líquidos  Pro-Consumidor","UND",null,{"v":225,"d":"RD$225.00"},{"v":0,"d":"RD$0.00"}]
["Oct-Dic 2025","2025-11-05","N/A","F016","2.3.3.6.01","1105010301","Productos de papel, cartón e impresos","Sellos Azules (Aprobado) 1/1","UND",{"v":13560,"d":"13,560.00"},{"v":3.5,"d":"RD$3.50"},{"v":47460,"d":"RD$47,460.00"}]
["Oct-Dic 2023","22/12/2023","N/A","F018","2.3.3.3.01","1105010301","Productos de papel, cartón e impresos","Recibo de Ingreso ","BLO",{"v":15,"d":"15.00"},{"v":125,"d":"RD$125.00"},{"v":1875,"d":"RD$1,875.00"}]
["Ene-Mar 2024","2024-03-05","N/A","N/A","2.3.3.6.01","1105010301","Productos de papel, cartón e impresos","Sellos de Seguridad a prueba de Manipulación","UND",{"v":100000,"d":"100,000.00"},{"v":10.51,"d":"RD$10.51"},{"v":1051000,"d":"RD$1,051,000.00"}]
["Abril-Jun 2026","2026-02-16","N/A","N/A","2.3.1.1.01","1105010101","Alimentos y productos agroforestales","Leche Entera 12/1","UND",{"v":43,"d":"43.00"},{"v":89,"d":"RD$89.00"},{"v":3827,"d":"RD$3,827.00"}]
["Ene-Mar 2026","2026-02-16","N/A","C002","2.3.1.1.01","1105010101","Alimentos y productos agroforestales","Café 12/1","PAQ",{"v":158,"d":"158.00"},{"v":352.67,"d":"RD$352.67"},{"v":55721.86,"d":"RD$55,721.86"}]
["Julio-Sept 2026","2026-08-17","N/A","C003","2.3.1.1.01","1105010101","Alimentos y productos agroforestales","Cuchara desechable 25/1","PAQ",{"v":40,"d":"40.00"},{"v":79,"d":"RD$79.00"},{"v":3160,"d":"RD$3,160.00"}]
["Ene-Mar 2026","2026-02-16","N/A","N/A","2.3.1.1.01","1105010101","Alimentos y productos agroforestales","Te en polvo","LATA",{"v":5,"d":"5.00"},{"v":700,"d":"RD$700.00"},{"v":3500,"d":"RD$3,500.00"}]
["Julio-Sept 2026","2026-09-02","N/A","C007","2.3.3.2.01","1105010301","Productos de papel, cartón e impresos","Rollo papel higiénico Jumbo 12/1","FARDO",{"v":18,"d":"18.00"},{"v":1125,"d":"RD$1,125.00"},{"v":20250,"d":"RD$20,250.00"}]
["Julio-Sept 2026","2026-09-02","N/A","C008","2.3.3.2.01","1105010301","Productos de papel, cartón e impresos","Rollo papel para manos 6/1","UND",{"v":18,"d":"18.00"},{"v":156.25,"d":"RD$156.25"},{"v":2812.5,"d":"RD$2,812.50"}]
["Ene-Mar 2024","2024-03-06","N/A","C009","2.3.3.2.01","1105010301","Productos de papel, cartón e impresos","Servilleta","UND",{"v":6,"d":"6.00"},{"v":90,"d":"RD$90.00"},{"v":540,"d":"RD$540.00"}]
["Oct-Dic 2025","2025-11-26","N/A","C011","2.3.1.1.01","1105010101","Alimentos y productos agroforestales","Cremora en Frasco 16 onz","FRASCO",{"v":14,"d":"14.00"},{"v":500,"d":"RD$500.00"},{"v":7000,"d":"RD$7,000.00"}]
["Oct-Dic 2023","22/12/2023","N/A","N/A","2.3.1.1.01","1105010101","Alimentos y productos agroforestales","Cremora en Frasco 11 onz","FRASCO",{"v":0,"d":"0.00"},{"v":350,"d":"RD$350.00"},{"v":0,"d":"RD$0.00"}]
["Julio-Sept 2026","2026-08-17","N/A","N/A","2.3.1.1.01","1105010101","Alimentos y productos agroforestales","Agua Saborizada ICE ","FARDO",{"v":6,"d":"6.00"},{"v":1085,"d":"RD$1,085.00"},{"v":6510,"d":"RD$6,510.00"}]
["Julio-Sept 2026","2026-08-17","N/A","N/A","2.3.1.1.01","1105010101","Alimentos y productos agroforestales","Agua Planeta Azul 20/1","FARDO",{"v":4,"d":"4.00"},{"v":210,"d":"RD$210.00"},{"v":840,"d":"RD$840.00"}]
["Julio-Sept 2026","2026-08-17","N/A","N/A","2.3.1.1.01","1105010101","Alimentos y productos agroforestales","Galletas Granola 30/1","CAJ",{"v":8,"d":"8.00"},{"v":1120,"d":"RD$1,120.00"},{"v":8960,"d":"RD$8,960.00"}]
["Julio-Sept 2026","2026-08-17","N/A","N/A","2.3.1.1.01","1105010101","Alimentos y productos agroforestales","Agua 8oz 80/1","FARDO",{"v":5,"d":"5.00"},{"v":725,"d":"RD$725.00"},{"v":3625,"d":"RD$3,625.00"}]
["Julio-Sept 2026","2026-08-17","N/A","N/A","2.3.1.1.01","1105010101","Alimentos y productos agroforestales","Agua Saborizada Lata 24/1","FARDO",{"v":8,"d":"8.00"},{"v":945,"d":"RD$945.00"},{"v":7560,"d":"RD$7,560.00"}]
["Ene-Mar 2026","2026-02-16","N/A","N/A","2.3.1.1.01","1105010101","Alimentos y productos agroforestales","Agua Sana 20/1","FARDO",{"v":2,"d":"2.00"},{"v":130,"d":"RD$130.00"},{"v":260,"d":"RD$260.00"}]
["Abril-Jun 2025","2025-05-28","N/A","N/A","2.3.1.1.01","1105010101","Alimentos y productos agroforestales","Semillas Cajul","FRASCO",{"v":4,"d":"4.00"},{"v":1590,"d":"RD$1,590.00"},{"v":6360,"d":"RD$6,360.00"}]
["Abril-Jun 2025","2025-05-28","N/A","N/A","2.3.1.1.01","1105010101","Alimentos y productos agroforestales","Semillas Variadas","FRASCO",{"v":4,"d":"4.00"},{"v":1200,"d":"RD$1,200.00"},{"v":4800,"d":"RD$4,800.00"}]
["Julio-Sept 2026","2026-08-17","N/A","N/A","2.3.9.5.01/2.3.9.9.01","1105019901","Materiales y suministros varios","Juego de cuberteria desechable ","UND",{"v":999,"d":"999.00"},{"v":12.08,"d":"RD$12.08"},{"v":12067.92,"d":"RD$12,067.92"}]
["Julio-Sept 2026","2026-08-17","N/A","N/A","2.3.9.5.01/2.3.9.9.01","1105019901","Materiales y suministros varios","Plato desechable No. 6","UND",{"v":1675,"d":"1675.00"},{"v":7.04,"d":"RD$7.04"},{"v":11792,"d":"RD$11,792.00"}]
["Julio-Sept 2026","2026-08-17","N/A","N/A","2.3.9.5.01/2.3.9.9.01","1105019901","Materiales y suministros varios","Plato desechable No. 9","UND",{"v":375,"d":"375.00"},{"v":5,"d":"RD$5.00"},{"v":1875,"d":"RD$1,875.00"}]
["Abril-Jun 2025","2025-05-28","N/A","N/A","2.3.9.5.01/2.3.9.9.01","1105019901","Materiales y suministros varios","Plato desechable bandeja 6*6","UND",{"v":393,"d":"393.00"},{"v":12.34,"d":"RD$12.34"},{"v":4849.62,"d":"RD$4,849.62"}]
["Julio-Sept 2026","2026-08-17","N/A","N/A","2.3.9.5.01/2.3.9.9.01","1105019901","Materiales y suministros varios","Vasos No 12","UND",{"v":1050,"d":"1050.00"},{"v":7.92,"d":"RD$7.92"},{"v":8316,"d":"RD$8,316.00"}]
["Ene-Mar 2026","2026-03-10","N/A","N/A","2.3.1.1.01","1105010101","Alimentos y productos agroforestales","Aceite de Oliva Extra Virgen 1/2 lt","UND",{"v":1,"d":"1.00"},{"v":744,"d":"RD$744.00"},{"v":744,"d":"RD$744.00"}]
["Ene-Mar 2026","2026-03-10","N/A","N/A","2.3.1.1.01","1105010101","Alimentos y productos agroforestales","Sal Molida 120 gr","UND",{"v":2,"d":"2.00"},{"v":25,"d":"RD$25.00"},{"v":50,"d":"RD$50.00"}]
["Julio-Sept 2026","2026-08-17","N/A","N/A","2.3.1.1.01","1105010101","Alimentos y productos agroforestales","Galletas Saladas de Soda 20/1","CAJ",{"v":9,"d":"9.00"},{"v":184,"d":"RD$184.00"},{"v":1656,"d":"RD$1,656.00"}]
["Julio-Sept 2026","2026-08-17","N/A","N/A","2.3.1.1.01","1105010101","Alimentos y productos agroforestales","Galletas Saladas Club Social 9/1","PAQ",{"v":14,"d":"14.00"},{"v":94,"d":"RD$94.00"},{"v":1316,"d":"RD$1,316.00"}]
["Julio-Sept 2026","2026-08-17","N/A","N/A","2.3.1.1.01","1105010101","Alimentos y productos agroforestales","Galletas Saladas Picni","PAQ",{"v":8,"d":"8.00"},{"v":132,"d":"RD$132.00"},{"v":1056,"d":"RD$1,056.00"}]
["Julio-Sept 2026","2026-08-17","N/A","N/A","2.3.1.1.01","1105010101","Alimentos y productos agroforestales","Galletas Dulces Barquillas de Chocolates Zero Sin Azucar 3/1","PAQ",{"v":18,"d":"18.00"},{"v":180,"d":"RD$180.00"},{"v":3240,"d":"RD$3,240.00"}]
["Julio-Sept 2026","2026-08-17","N/A","N/A","2.3.1.1.01","1105010101","Alimentos y productos agroforestales","Galletas Dulces Sandwich de Chocolates Zero sin Azucar ","UND",{"v":20,"d":"20.00"},{"v":180,"d":"RD$180.00"},{"v":3600,"d":"RD$3,600.00"}]
["Ene-Mar 2026","2026-03-10","N/A","N/A","2.3.1.1.01","1105010101","Alimentos y productos agroforestales","Canela Molida 120 gr","FRASCO",{"v":1,"d":"1.00"},{"v":185,"d":"RD$185.00"},{"v":185,"d":"RD$185.00"}]
["Ene-Mar 2026","2026-03-10","N/A","N/A","2.3.1.1.01","1105010101","Alimentos y productos agroforestales","Nuez Moscacia Molida 120 g1","FRASCO",{"v":1,"d":"1.00"},{"v":250,"d":"RD$250.00"},{"v":250,"d":"RD$250.00"}]
["Abril-Jun 2025","2025-05-28","N/A","N/A","2.3.9.5.01/2.3.9.9.01","1105019901","Materiales y suministros varios","Plato desechable bandeja 8*8","UND",{"v":666,"d":"666.00"},{"v":22.43,"d":"RD$22.43"},{"v":14938.38,"d":"RD$14,938.38"}]
["Ene-Mar 2026","2026-02-12","N/A","N/A","2.3.1.1.01","1105010101","Alimentos y productos agroforestales","Té Rojo 20/1","UND",{"v":60,"d":"60.00"},{"v":5.8,"d":"RD$5.80"},{"v":348,"d":"RD$348.00"}]
["Ene-Mar 2026","2026-02-12","N/A","N/A","2.3.1.1.01","1105010101","Alimentos y productos agroforestales","Té Jengibre con limón 20/1","UND",{"v":100,"d":"100.00"},{"v":5.8,"d":"RD$5.80"},{"$f":"+J251*K251","v":{"v":580,"d":"RD$580.00"}}]
[]
["abril-jun 2016",2016,"N/A","L001",{"$nulls":3},"Aceite de motor 2 cycle","UN",{"v":0,"d":"0.00"},{"v":241.37,"d":"RD$241.37"},{"$f":"J:J*K:K","v":{"v":0,"d":"RD$0.00"}}]
["N/A","N/A","N/A","L002",{"$nulls":3},"Aceite de motor SAE 40","UN",{"v":0,"d":"0.00"},{"v":189.65,"d":"RD$189.65"},{"$f":"J:J*K:K","v":{"v":0,"d":"RD$0.00"}}]
["Oct-Dic 2021","2021-10-13","N/A","N/A",{"$nulls":3},"Sanitizante ","GAL",null,{"v":6000,"d":"RD$6,000.00"},{"$f":"J:J*K:K","v":{"v":0,"d":"RD$0.00"}}]
["Abril-Jun 2016","2016-06-15","N/A","L003","2.3.7.2.99","1105010701","Combustibles, lubricantes, productos químicos y conexos","Agua destilada para bateria","UND",{"v":1,"d":"1.00"},{"v":100,"d":"RD$100.00"},{"$f":"+J256*K256","v":{"v":100,"d":"RD$100.00"}}]
["Abril-Jun 20226","2026-06-22","N/A","L004","2.3.9.1.01","1105019901","Materiales y suministros varios","Ambientador en spray glade","UND",{"v":32,"d":"32.00"},{"v":140,"d":"RD$140.00"},{"$f":"+J257*K257","v":{"v":4480,"d":"RD$4,480.00"}}]
["Ene-Mar 2025","2025-01-27","N/A","L005","2.3.9.1.01","1105019901","Materiales y suministros varios","Brillo verde","UND",{"v":60,"d":"60.00"},{"v":40,"d":"RD$40.00"},{"v":2400,"d":"RD$2,400.00"}]
["Ene-Mar 2026","2026-02-16","N/A","L006","2.3.9.1.01",null,"Materiales y suministros varios","Brillo verde con esponja","UND",{"v":0,"d":"0.00"},{"v":60,"d":"RD$60.00"},{"v":0,"d":"RD$0.00"}]
["Ene-Mar 2025","2025-01-27","N/A","L007","2.3.9.1.01",null,"Materiales y suministros varios","Cepillo de pared","UN",{"v":0,"d":"0.00"},{"v":50,"d":"RD$50.00"},{"v":0,"d":"RD$0.00"}]
["Ene-Mar 2025","2025-01-27","N/A","L006","2.3.9.1.01",null,"Materiales y suministros varios","Brillo verde con esponja","UN",null,{"v":60,"d":"RD$60.00"},{"v":0,"d":"RD$0.00"}]
["Abril-Jun 20226","2026-06-22","N/A","L008","2.3.9.1.01","1105019901","Materiales y suministros varios","Cloro ","GAL",{"v":0,"d":"0.00"},{"v":74.75,"d":"RD$74.75"},{"v":0,"d":"RD$0.00"}]
["Abril-Jun 2022","30/5/2022","N/A","L009","2.3.9.1.01","1105019901","Materiales y suministros varios","Cubeta para limpieza","UND",{"v":1,"d":"1.00"},{"v":250,"d":"RD$250.00"},{"v":250,"d":"RD$250.00"}]
["Abril-Jun 20226","2026-06-22","N/A","L010","2.3.9.1.01","1105019901","Materiales y suministros varios","Desinfectante aromático","GAL",{"v":15,"d":"15.00"},{"v":290.67,"d":"RD$290.67"},{"v":4360.05,"d":"RD$4,360.05"}]
["Ene-Mar 2025","2025-01-27","N/A","L011","2.3.9.1.01","1105019901","Materiales y suministros varios","Escoba plástica con palo","UND",{"v":44,"d":"44.00"},{"v":250,"d":"RD$250.00"},{"v":11000,"d":"RD$11,000.00"}]
["abril-jun 2016","1905-07-08","N/A","L012","2.3.9.1.01",null,"Materiales y suministros varios","Filtro Napa 21515","UN",null,{"v":550,"d":"RD$550.00"},{"v":0,"d":"RD$0.00"}]
[54,"1905-07-08","N/A","L013","2.3.9.1.01",null,"Materiales y suministros varios","Filtro para aire acondicionado","UN",null,{"v":1300,"d":"RD$1,300.00"},{"v":0,"d":"RD$0.00"}]
["Ene-Mar 2026","2026-02-16","N/A","L014","2.3.9.1.01","1105019901","Materiales y suministros varios","Funda para basura 100/1","PAQ",{"v":4,"d":"4.00"},{"v":500,"d":"RD$500.00"},{"v":2000,"d":"RD$2,000.00"}]
["Oct-Dic 2021","28/6/2023","N/A","L015","2.3.9.1.01",null,"Materiales y suministros varios","Gato Hidráulico","UN",{"v":0,"d":"0.00"},{"v":950,"d":"RD$950.00"},{"v":0,"d":"RD$0.00"}]
["Ene-Mar 2024","15/03/2024","N/A","L016","2.3.9.1.01","1105019901","Materiales y suministros varios","Guantes plásticos ","UND",{"v":8,"d":"8.00"},{"v":250,"d":"RD$250.00"},{"v":2000,"d":"RD$2,000.00"}]
["Oct-Dic 2021","2023-06-28","N/A","L017","2.3.9.1.01",null,"Materiales y suministros varios","Guantes plásticos desechables","CAJ",{"v":0,"d":"0.00"},{"v":225,"d":"RD$225.00"},{"v":0,"d":"RD$0.00"}]
["Abril-Jun 20226","2026-06-22","N/A","L018","2.3.9.1.01","1105019901","Materiales y suministros varios","Jabón liquido lava platos","GAL",{"v":24,"d":"24.00"},{"v":177.25,"d":"RD$177.25"},{"v":4254,"d":"RD$4,254.00"}]
["Abril-Jun 20226","2026-06-22","N/A","N/A","2.3.9.1.01","1105019901","Materiales y suministros varios","Desgrasante Líquido Multiusos","GAL",{"v":3,"d":"3.00"},{"v":317.8,"d":"RD$317.80"},{"v":953.4000000000001,"d":"RD$953.40"}]
["Abril-Jun 20226","2026-06-22","N/A","L019","2.3.9.1.01","1105019901","Materiales y suministros varios","Jabón liquido para las manos","GAL",{"v":39,"d":"39.00"},{"v":166.42,"d":"RD$166.42"},{"v":6490.379999999999,"d":"RD$6,490.38"}]
["Abril-Jun 2016","2016-06-08","N/A","L020",null,null,"Materiales y suministros varios","Llave de ruedas","UND",{"v":0,"d":"0.00"},{"v":450,"d":"RD$450.00"},{"v":0,"d":"RD$0.00"}]
["Abril-Jun 2025","2026-05-19","N/A","L021","2.3.9.1.01","1105019901","Materiales y suministros varios","Pala recogedora de basura","UND",{"v":11,"d":"11.00"},{"v":84,"d":"RD$84.00"},{"v":924,"d":"RD$924.00"}]
["Julio-Sept 2025","2025-07-18","N/A","L022","2.3.9.1.01","1105019901","Materiales y suministros varios","Pine Spuma","UND",{"v":6,"d":"6.00"},{"v":325,"d":"RD$325.00"},{"v":1950,"d":"RD$1,950.00"}]
["Oct-Dic 2025","2025-11-12","N/A","L023","2.3.9.1.01","1105019901","Materiales y suministros varios","Suape","UND",{"v":11,"d":"11.00"},{"v":275.43,"d":"RD$275.43"},{"v":3029.73,"d":"RD$3,029.73"}]
["abril-jun 2016","1905-07-08","N/A","L024","2.3.9.1.01",null,"Materiales y suministros varios","Tapa de ventilador","UND",{"v":0,"d":"0.00"},{"v":450,"d":"RD$450.00"},{"v":0,"d":"RD$0.00"}]
["Abril-Jun 20226","2026-06-22","N/A","N/A","2.3.9.1.01","1105019901","Materiales y suministros varios","Zafacón para baño 20 lts","UND",{"v":3,"d":"3.00"},{"v":1100,"d":"RD$1,100.00"},{"v":3300,"d":"RD$3,300.00"}]
["Abril-Jun 20226","2026-06-22","N/A","N/A","2.3.9.1.01","1105019901","Materiales y suministros varios","Zafacón para baño 45 lts","UND",{"v":3,"d":"3.00"},{"v":1850,"d":"RD$1,850.00"},{"v":5550,"d":"RD$5,550.00"}]
["Ene-Mar 2026","2026-02-16","N/A","L025","2.3.9.1.01","1105019901","Materiales y suministros varios","Esponja limpia cristales","UND",{"v":4,"d":"4.00"},{"v":235,"d":"RD$235.00"},{"v":940,"d":"RD$940.00"}]
["Julio-Sept 2025","2025-07-18","N/A","L026","2.3.9.1.01","1105019901","Materiales y suministros varios","Funda para zafacón 18X22","PAQ",{"v":14,"d":"14.00"},{"v":70.8,"d":"RD$70.80"},{"v":991.1999999999999,"d":"RD$991.20"}]
["N/A","N/A","N/A","L027","2.3.9.1.01",null,"Materiales y suministros varios","AB desengrasante","UN",{"v":0,"d":"0.00"},{"v":250,"d":"RD$250.00"},{"v":0,"d":"RD$0.00"}]
["Ene-Mar 2023","2023-02-21","N/A","L026","2.3.9.1.01",null,"Materiales y suministros varios","Funda para zafacón 18X22","PAQ",null,{"v":250,"d":"RD$250.00"},{"v":0,"d":"RD$0.00"}]
["Ene-Mar 2026","2026-02-16","N/A","L028","2.3.9.1.01","1105019901","Materiales y suministros varios","Limpia cristales","UND",{"v":1,"d":"1.00"},{"v":250,"d":"RD$250.00"},{"v":250,"d":"RD$250.00"}]
["Julio-Sept 2026","2026-08-18","N/A","L029","2.3.9.1.01","1105019901","Materiales y suministros varios","Detergente en polvo","UND",{"v":2,"d":"2.00"},{"v":975,"d":"RD$975.00"},{"v":1950,"d":"RD$1,950.00"}]
["ene-mar 2017","1905-07-04","N/A","L030","2.3.9.1.01",null,"Materiales y suministros varios","Cortina de  baño","UND",null,{"v":250,"d":"RD$250.00"},{"v":0,"d":"RD$0.00"}]
["ene-mar 2017","1905-07-04","N/A","L031","2.3.9.1.01",null,"Materiales y suministros varios","Extinguidores","UND",null,{"v":250,"d":"RD$250.00"},{"v":0,"d":"RD$0.00"}]
["Julio-Sept 2026","2026-07-23","N/A","L032","2.3.9.1.01","1105019901","Materiales y suministros varios","Zafacones de oficina","UND",{"v":13,"d":"13.00"},{"v":167.71,"d":"RD$167.71"},{"v":2180.23,"d":"RD$2,180.23"}]
["ene-mar 2017","1905-07-04","N/A","L033","2.3.9.1.01",null,"Materiales y suministros varios","Manguera 100 pies","UND",{"v":0,"d":"0.00"},{"v":250,"d":"RD$250.00"},{"v":0,"d":"RD$0.00"}]
["ene-mar 2017","1905-07-04","N/A","L034","2.3.9.1.01",null,"Materiales y suministros varios","Caja protectora del Control de Aire","UND",{"v":0,"d":"0.00"},{"v":250,"d":"RD$250.00"},{"v":0,"d":"RD$0.00"}]
["N/A","N/A","N/A","L035","2.3.9.1.01",null,"Materiales y suministros varios","Goma de Motor","UND",{"v":0,"d":"0.00"},{"v":250,"d":"RD$250.00"},{"v":0,"d":"RD$0.00"}]
["Ene-Mar 2017","1905-07-09","N/A","L030","2.3.9.1.01",null,"Materiales y suministros varios","Cortina de  baño","UND",null,{"v":250,"d":"RD$250.00"},{"v":0,"d":"RD$0.00"}]
["Ene-Mar 2017","2017-03-04","N/A","L036","2.3.9.1.01",null,"Materiales y suministros varios","Tanque de Gas 25 Lb.","UND",{"v":0,"d":"0.00"},{"v":250,"d":"RD$250.00"},{"v":0,"d":"RD$0.00"}]
["Ene-Mar 2024","15/03/2024","N/A","N/A","2.3.9.1.01",null,"Materiales y suministros varios","Zafacon Tapa y Pedal P/Baño Pequeño","UND",{"v":0,"d":"0.00"},{"v":250,"d":"RD$250.00"},{"v":0,"d":"RD$0.00"}]
["Ene-Mar 2023","21/2/2023","N/A","N/A","2.3.9.1.01",null,"Materiales y suministros varios","Zafacon Tapa y Pedal P/Baño Grande","UND",null,{"v":250,"d":"RD$250.00"},{"v":0,"d":"RD$0.00"}]
["Julio-Sept 2026","2026-08-18","N/A","N/A","2.3.9.1.01","1105019901","Materiales y suministros varios","Abrillantador de gomas ","GAL",{"v":20,"d":"20.00"},{"v":725,"d":"RD$725.00"},{"v":14500,"d":"RD$14,500.00"}]
["Abril-Jun 20226","2026-06-22","N/A","N/A","2.3.9.9.04","1105019901","Materiales y suministros varios","Botas de Seguridad Talla 45","UND",{"v":1,"d":"1.00"},{"v":2800,"d":"RD$2,800.00"},{"v":2800,"d":"RD$2,800.00"}]
["Oct-Dic 2025","2025-11-12","N/A","N/A","2.3.9.1.01","1105019901","Materiales y suministros varios","Shampoo","UND",{"v":27,"d":"27.00"},{"v":250,"d":"RD$250.00"},{"v":6750,"d":"RD$6,750.00"}]
["Ene-Mar 2024","15/03/2024","N/A","N/A",null,null,"Materiales y suministros varios","Armor All Transparente","UND",{"v":0,"d":"0.00"},{"v":2500,"d":"RD$2,500.00"},{"v":0,"d":"RD$0.00"}]
["Abril-Jun 20226","2026-06-22","N/A","L038","2.3.9.1.01","1105019901","Materiales y suministros varios","Toallas para Limpieza","UND",{"v":70,"d":"70.00"},{"v":110,"d":"RD$110.00"},{"v":7700,"d":"RD$7,700.00"}]
["ene-mar 2017",2012,"N/A","L039",null,null,"Materiales y suministros varios","Carrito con Exprimidor","UN",{"v":0,"d":"0.00"},{"v":850,"d":"RD$850.00"},{"$f":"J:J*K:K","v":{"v":0,"d":"RD$0.00"}}]
["abril-jun 2016",2016,"N/A","L040",null,null,"Materiales y suministros varios","Termo Grande Café","UN",{"v":0,"d":"0.00"},{"v":2600,"d":"RD$2,600.00"},{"$f":"J:J*K:K","v":{"v":0,"d":"RD$0.00"}}]
["N/A","N/A","N/A","L041",null,null,"Materiales y suministros varios","Termo Mediano Café","UN",{"v":0,"d":"0.00"},{"v":1900,"d":"RD$1,900.00"},{"$f":"J:J*K:K","v":{"v":0,"d":"RD$0.00"}}]
["N/A","N/A","N/A","CP001",null,null,"Materiales y suministros varios","Camisa con logo de Indocal","UN",{"v":0,"d":"0.00"},{"v":250,"d":"RD$250.00"},{"$f":"+J306*K306","v":{"v":0,"d":"RD$0.00"}}]
["N/A","N/A","N/A","CP002",null,null,"Materiales y suministros varios","Pantalon Jeans con logo de Indocal ","UN",{"v":0,"d":"0.00"},{"v":300,"d":"RD$300.00"},{"$f":"+J307*K307","v":{"v":0,"d":"RD$0.00"}}]
["N/A","N/A","N/A","CP003",null,null,"Materiales y suministros varios","Pantalla Proyector ","UN",{"v":0,"d":"0.00"},{"v":950,"d":"RD$950.00"},{"v":0,"d":"RD$0.00"}]
["abril-jun 2016",2016,"N/A","CP004",null,null,"Materiales y suministros varios","Foto Celda","UN",{"v":0,"d":"0.00"},{"v":400,"d":"RD$400.00"},{"v":0,"d":"RD$0.00"}]
["N/A","N/A","N/A","CP005",null,null,"Materiales y suministros varios","Tubo de Motor","UN",{"v":0,"d":"0.00"},{"v":200,"d":"RD$200.00"},{"v":0,"d":"RD$0.00"}]
["Oct-Dic 2017","2017-10-20","N/A","CP009",null,null,"Materiales y suministros varios","Bombillo Espiral 65w Osram","UN",{"v":0,"d":"0.00"},{"v":670,"d":"RD$670.00"},{"v":0,"d":"RD$0.00"}]
["jul-sep 2018","27/07/2018","N/A","N/A",null,null,"Materiales y suministros varios","Pera Inodoro Azul P-B6025 Coflex ","UNID",{"v":0,"d":"0.00"},{"v":158,"d":"RD$158.00"},{"v":0,"d":"RD$0.00"}]
["jul-sep 2018","27/07/2018","N/A","N/A",null,null,"Materiales y suministros varios","Balancin Inodoro PB5061 Plomer","UNID. ",{"v":0,"d":"0.00"},{"v":99,"d":"RD$99.00"},{"v":0,"d":"RD$0.00"}]
["Abril-Jun 2024","2024-06-10","N/A","N/A",null,null,"Materiales y suministros varios","BREAKER Doble 60Amp 40IN-LBS (THQC2160WL)","UN",{"v":0,"d":"0.00"},{"v":2000,"d":"RD$2,000.00"},{"$f":"+J314*K314","v":{"v":0,"d":"RD$0.00"}}]
["Oct-Dic 2022","2022-12-05","N/A","CP010","2.3.9.6.01","1105019901","Materiales y suministros varios","BREAKER Doble 60Amp 45IN-LBS (THQL2160)","UND",{"v":4,"d":"4.00"},{"v":1889.92,"d":"RD$1,889.92"},{"$f":"+J315*K315","v":{"v":7559.68,"d":"RD$7,559.68"}}]
["ene-mar 2024","2024-03-21","N/A","CP011",null,null,"Materiales y suministros varios","Tubo Fluorescente 9w","UND",{"v":0,"d":"0.00"},{"v":185,"d":"RD$185.00"},{"v":0,"d":"RD$0.00"}]
["N/A","N/A","N/A","Liq. Freno ",null,null,"Materiales y suministros varios","Liquido de Freno","UND",{"v":0,"d":"0.00"},{"v":96,"d":"RD$96.00"},{"v":0,"d":"RD$0.00"}]
["Ene-Mar 2023","2023-02-21","N/A","L038",null,null,"Materiales y suministros varios","Toallas para Limpieza","UND",null,{"v":110,"d":"RD$110.00"},{"v":0,"d":"RD$0.00"}]
["abril-jun 2016","1905-07-08","N/A","TP019",null,null,"Materiales y suministros varios","Power Streering","UND",null,{"v":150,"d":"RD$150.00"},{"v":0,"d":"RD$0.00"}]
["Oct-Dic 2022","2022-12-05","N/A","CP014",null,null,"Materiales y suministros varios","Tubo Fluorescente 32w","UND",null,{"v":124,"d":"RD$124.00"},{"v":0,"d":"RD$0.00"}]
["Oct-Dic 2020","2020-11-13","N/A","CP015",null,null,"Materiales y suministros varios","Bateria de Vehiculos Motorcraft ","UND",{"v":0,"d":"0.00"},{"v":6369,"d":"RD$6,369.00"},{"v":0,"d":"RD$0.00"}]
["abril-jun 2016","1905-07-08","N/A","CP016",null,null,"Materiales y suministros varios","Correa Santa Fe","UND",null,{"v":2217.5,"d":"RD$2,217.50"},{"v":0,"d":"RD$0.00"}]
["abril-jun 2016","1905-07-08","N/A","TUBO",null,null,"Materiales y suministros varios","Tubo Fluorescente 18w","UND",{"v":0,"d":"0.00"},{"v":450,"d":"RD$450.00"},{"v":0,"d":"RD$0.00"}]
["N/A","N/A","N/A","FILTRO L200",null,null,"Materiales y suministros varios","Filtro de aceite Mitsubishi L200","UND",{"v":0,"d":"0.00"},{"v":275.35,"d":"RD$275.35"},{"v":0,"d":"RD$0.00"}]
["N/A","N/A","N/A","MOTOR",null,null,"Materiales y suministros varios","Motocicleta SUZUKI AX100","UND",{"v":0,"d":"0.00"},{"v":50000,"d":"RD$50,000.00"},{"v":0,"d":"RD$0.00"}]
["abril-jun 2016","1905-07-08","N/A","N/A",null,null,"Materiales y suministros varios","Aceite de Motor 10w 40","UND",{"v":0,"d":"0.00"},{"v":215,"d":"RD$215.00"},{"v":0,"d":"RD$0.00"}]
["ene-mar 2017","2017-02-16","N/A","N/A",null,null,"Materiales y suministros varios","Aceite de Motor 15w 40","UND",null,{"v":220,"d":"RD$220.00"},{"v":0,"d":"RD$0.00"}]
["oct-dic 2018","2018-10-19","N/A","N/A",null,null,"Materiales y suministros varios","Archivo Muerto ","UND",null,{"v":105.93,"d":"RD$105.93"},{"v":0,"d":"RD$0.00"}]
["oct-dic 2018","2018-10-19","N/A","N/A",null,null,"Materiales y suministros varios","Archivo Maletin ","UND",null,{"v":80.5,"d":"RD$80.50"},{"v":0,"d":"RD$0.00"}]
["abril-jun 2017","2017-06-15","N/A","N/A",null,null,"Materiales y suministros varios","Rollo Protter de 36\"","UND",{"v":0,"d":"0.00"},{"v":995.76,"d":"RD$995.76"},{"v":0,"d":"RD$0.00"}]
["oct-dic 2018","2018-10-19","N/A","N/A",null,null,"Materiales y suministros varios","Archivo Muerto ","UND",null,{"v":50,"d":"RD$50.00"},{"v":0,"d":"RD$0.00"}]
["Octu-Dic 2022","2022-12-05","N/A","CP014",null,null,"Materiales y suministros varios","Tubo Fluorescente 32w","UND",null,{"v":124,"d":"RD$124.00"},{"v":0,"d":"RD$0.00"}]
["Abril-Junio 2016","N/A","N/A","CP016",null,null,"Materiales y suministros varios","Correa Santa Fe","UND",null,{"v":2217,"d":"RD$2,217.00"},{"v":0,"d":"RD$0.00"}]
["oct-dic 2017","20/10/2017","N/A","N/A","2.3.9.6.01","1105019901","Materiales y suministros varios","Transformadores electronico 3x32w","UND",{"v":4,"d":"4.00"},{"v":750,"d":"RD$750.00"},{"v":3000,"d":"RD$3,000.00"}]
["abril-jun 2021","21/6/2021","N/A","N/A",null,null,"Materiales y suministros varios","Brazo Hidraulico para puertas ","UND",null,{"v":1900,"d":"RD$1,900.00"},{"v":0,"d":"RD$0.00"}]
["oct- dic 2020","2020-12-06","N/A","PINTURA",null,null,"Materiales y suministros varios","Pintura ACR 1 cubeta/SAHARA 89 POPULAR ","UND",null,{"v":4050,"d":"RD$4,050.00"},{"v":0,"d":"RD$0.00"}]
["Julio-Sept 2026","2026-07-20","N/A","N/A","2.3.9.1.01","1105019901","Materiales y suministros varios","Piedra para baño arom 1.4 oz ","UND",{"v":50,"d":"50.00"},{"v":40,"d":"RD$40.00"},{"v":2000,"d":"RD$2,000.00"}]
["jul-sep 2019","2019-08-07","N/A","N/A",null,null,"Materiales y suministros varios","Cartulina de Hilo Crema","UND",{"v":0,"d":"0.00"},{"v":378,"d":"RD$378.00"},{"v":0,"d":"RD$0.00"}]
["Abril-Junio 2021","2021-06-21","N/A","N/A",null,null,"Materiales y suministros varios","Brazo Hidraulico para puertas ","UND",null,{"v":1900,"d":"RD$1,900.00"},{"v":0,"d":"RD$0.00"}]
["Ene-Mar 2023","2023-02-21","N/A","N/A",null,null,"Materiales y suministros varios","Piedra para baño arom 1.4 oz ","UND",null,{"v":250,"d":"RD$250.00"},{"v":0,"d":"RD$0.00"}]
["Julio-Sept 2026","2026-07-20","N/A","N/A","2.3.9.1.01","1105019901","Materiales y suministros varios","Recogedor de Humedad","UND",{"v":25,"d":"25.00"},{"v":210,"d":"RD$210.00"},{"v":5250,"d":"RD$5,250.00"}]
["Julio-Sept 2024","2024-07-11","N/A","N/A","2.3.9.9.01","1105019901","Materiales y suministros varios","Balancin Inodoro 681135 Cromo Fluidmaster","UND",{"v":3,"d":"3.00"},{"v":265,"d":"RD$265.00"},{"v":795,"d":"RD$795.00"}]
["abril-jun 2021","2021-04-09","N/A","N/A",null,null,"Materiales y suministros varios","Porta Papel Higienico","UND",{"v":0,"d":"0.00"},{"v":965,"d":"RD$965.00"},{"v":0,"d":"RD$0.00"}]
["abril-jun 2021","2021-04-09","N/A","N/A",null,null,"Materiales y suministros varios","Porta papel Toalla","UN",null,{"v":965,"d":"RD$965.00"},{"v":0,"d":"RD$0.00"}]
["abril-jun 2016","1905-07-08","N/A","N/A",null,null,"Materiales y suministros varios","Cascos Protectores","UN",null,{"v":250,"d":"RD$250.00"},{"v":0,"d":"RD$0.00"}]
["abril-jun 2019","2019-06-25","N/A","N/A",null,null,"Materiales y suministros varios","MICROONDAS","UN",{"v":0,"d":"0.00"},{"v":7754.24,"d":"RD$7,754.24"},{"v":0,"d":"RD$0.00"}]
["abril-jun 2019","2019-04-30","N/A","N/A",null,null,"Materiales y suministros varios","Pintura ACR 1 GALON/SAHARA 89 POPULAR ","UN",{"v":0,"d":"0.00"},{"v":890,"d":"RD$890.00"},{"v":0,"d":"RD$0.00"}]
["abril-jun 2019","2019-04-30","N/A","N/A",null,null,"Materiales y suministros varios","CANELETA ","UN",null,{"v":80,"d":"RD$80.00"},{"v":0,"d":"RD$0.00"}]
["Abril-Junio 2021","2021-04-09","N/A","N/A",null,null,"Materiales y suministros varios","Porta papel Toalla","UN",null,{"v":965,"d":"RD$965.00"},{"v":0,"d":"RD$0.00"}]
["oct-dic 2018","2018-10-19","N/A","N/A","2.3.9.9.01","1105019901","Materiales y suministros varios","Protectores de Pie ","PAQ",{"v":9,"d":"9.00"},{"v":250,"d":"RD$250.00"},{"v":2250,"d":"RD$2,250.00"}]
["abril-junio 2020","2020-07-05","N/A","N/A",null,"1105019902","Materiales y suministros varios","Gel de Camionetas ","UN",null,{"v":100,"d":"RD$100.00"},{"v":0,"d":"RD$0.00"}]
["abril-junio 2020","2020-06-30","N/A","N/A",null,"1105019903","Materiales y suministros varios","Prueba del COVID19","CAJ",{"v":0,"d":"0.00"},{"v":16975,"d":"RD$16,975.00"},{"v":0,"d":"RD$0.00"}]
["Ene-Marzo 2020","2020-02-26","N/A","N/A",null,"1105019904","Materiales y suministros varios","Leche Entera ","UN",null,{"v":80,"d":"RD$80.00"},{"v":0,"d":"RD$0.00"}]
[{"$f":"$A$290","v":"Julio-Sept 2026"},"2020-12-23","N/A","N/A",null,"1105019905","Materiales y suministros varios","Gel de Camionetas ","UN",null,{"v":100,"d":"RD$100.00"},{"v":0,"d":"RD$0.00"}]
["Jul-Sept 2026","2026-07-20","N/A","N/A","2.3.7.2.03",1105019901,"Materiales y suministros varios","Alcohol Isopropilico al 70% ","GAL",{"v":25,"d":"25.00"},{"v":370,"d":"RD$370.00"},{"v":9250,"d":"RD$9,250.00"}]
["abril-junio 2020","2020-05-07","N/A","N/A","2.3.9.9.01","1105019901","Materiales y suministros varios","Lentes protectores ","UND",{"v":18,"d":"18.00"},{"v":450,"d":"RD$450.00"},{"v":8100,"d":"RD$8,100.00"}]
["Ene-Mar 2022","2022-02-22","N/A","N/A",null,null,"Materiales y suministros varios","Mascarillas KN95 20/1","UND",null,{"v":35,"d":"RD$35.00"},{"v":0,"d":"RD$0.00"}]
["Ene-Mar 2022","22/2/2022","N/A","N/A",null,null,"Materiales y suministros varios","Mascarilla Kn95 20/1","UND",{"v":0,"d":"0.00"},{"v":35,"d":"RD$35.00"},{"v":0,"d":"RD$0.00"}]
["Jul-Sep 2021","15/8/2021","N/A","N/A",null,null,"Materiales y suministros varios","Mascarilla de Tela","UND",{"v":0,"d":"0.00"},{"v":90,"d":"RD$90.00"},{"v":0,"d":"RD$0.00"}]
["Ene-Mar 2022","2022-02-22","N/A","N/A",null,null,"Materiales y suministros varios","Mascarilla Quirurgica","UND",null,{"v":35,"d":"RD$35.00"},{"v":0,"d":"RD$0.00"}]
["julio-sept. 2021","2021-08-15","N/A","N/A",null,null,"Materiales y suministros varios","Mascarillas de tela","UND",null,{"v":90,"d":"RD$90.00"},{"v":0,"d":"RD$0.00"}]
["oct-dic 2017","2017-10-20","N/A","N/A",null,null,"Materiales y suministros varios","Bombillo espiral 20w ","UND",null,{"v":170,"d":"RD$170.00"},{"v":0,"d":"RD$0.00"}]
["Oct-Dic- 2019","2019-11-28","N/A","N/A",null,null,"Materiales y suministros varios","Estufa Whirlpool M.","UND",null,{"v":22795,"d":"RD$22,795.00"},{"v":0,"d":"RD$0.00"}]
["Oct-Dic- 2019","2019-11-28","N/A","N/A",null,null,"Materiales y suministros varios","TV Led Tecnomaster","UND",null,{"v":18695,"d":"RD$18,695.00"},{"v":0,"d":"RD$0.00"}]
["Oct-Dic- 2019","2019-11-28","N/A","N/A",null,null,"Materiales y suministros varios","Lavad. Whirlpool WW.","UND",null,{"v":21995,"d":"RD$21,995.00"},{"v":0,"d":"RD$0.00"}]
["Oct-Dic- 2019","2019-11-28","N/A","N/A",null,null,"Materiales y suministros varios","A.A. NV. Tecnom M. A. 12KBTU","UND",null,{"v":24995,"d":"RD$24,995.00"},{"v":0,"d":"RD$0.00"}]
["Oct-Dic- 2019","2019-11-28","N/A","N/A",null,null,"Materiales y suministros varios","Nevera Whirlpool W.","UND",null,{"v":28995,"d":"RD$28,995.00"},{"v":0,"d":"RD$0.00"}]
["jul - Sept 2020","2020-08-06","N/A","N/A","2.3.1.3.01","1105019901","Materiales y suministros varios","Flota de Madera","UND",{"v":1,"d":"1.00"},{"v":62,"d":"RD$62.00"},{"v":62,"d":"RD$62.00"}]
["jul - Sept 2020","2020-08-06","N/A","N/A",{"$nulls":3},"Flota de Goma","UND",null,{"v":208,"d":"RD$208.00"},{"v":0,"d":"RD$0.00"}]
["jul - Sept 2020","2020-08-06","N/A","N/A",{"$nulls":3},"Cincer","UND",null,{"v":218,"d":"RD$218.00"},{"v":0,"d":"RD$0.00"}]
["jul - Sept 2020","2020-08-06","N/A","N/A",{"$nulls":3},"Llavin de puerta","UND",null,{"v":2035,"d":"RD$2,035.00"},{"v":0,"d":"RD$0.00"}]
["Jul-Sep 2020","2020-08-06","N/A","N/A",{"$nulls":3},"Flota de Madera","UND",null,null,{"v":0,"d":"RD$0.00"}]
["jul - Sept 2020","2020-08-06","N/A","N/A",{"$nulls":3},"Contactor Aire ","UND",null,{"v":200,"d":"RD$200.00"},{"v":0,"d":"RD$0.00"}]
["jul - Sept 2020","2020-07-08","N/A","N/A","2.3.7.2.06","1105010701","Combustibles, lubricantes, productos químicos y conexos","Pintura de Trafico ","UND",{"v":1,"d":"1.00"},{"v":2011,"d":"RD$2,011.00"},{"$f":"+J374*K374","v":{"v":2011,"d":"RD$2,011.00"}}]
["oct-dic 2017","2017-10-20","N/A","N/A",{"$nulls":3},"Bota de Seguridad ","UND",null,{"v":2500,"d":"RD$2,500.00"},{"v":0,"d":"RD$0.00"}]
["Abril-Jun 2024","2024-06-18","N/A","N/A","2.3.9.9.01","1105019901","Materiales y suministros varios","Masilla Siliconada","UND",{"v":6,"d":"6.00"},{"v":1969,"d":"RD$1,969.00"},{"$f":"+J376*K376","v":{"v":11814,"d":"RD$11,814.00"}}]
["Abril-Jun 2024","2024-06-12","N/A","N/A",{"$nulls":3},"Colchones para Dormir","UND",{"v":0,"d":"0.00"},{"v":2326,"d":"RD$2,326.00"},{"v":0,"d":"RD$0.00"}]
["jul - Sept 2020","2020-08-06","N/A","N/A",{"$nulls":3},"Pintura de Trafico ","UND",null,{"v":2011,"d":"RD$2,011.00"},{"v":0,"d":"RD$0.00"}]
[2016,"2016-07-08","N/A","N/A",{"$nulls":3},"Lampara de Emergencia","UND",{"v":0,"d":"0.00"},{"v":1000,"d":"RD$1,000.00"},{"v":0,"d":"RD$0.00"}]
["oct-dic 2017","2017-10-20","N/A","N/A",{"$nulls":3},"Filtro de Aire ","UND",null,{"v":150,"d":"RD$150.00"},{"$f":"+J380*K380","v":{"v":0,"d":"RD$0.00"}}]
["oct-dic 2017","2017-10-20","N/A","N/A",{"$nulls":3},"Modular Aereo ","UND",{"v":0,"d":"0.00"},{"v":2000,"d":"RD$2,000.00"},{"v":0,"d":"RD$0.00"}]
["Julio-Sept 2021","2021-07-28","N/A","N/A",{"$nulls":3},"Mondaisa Te Manzana","UND",null,{"v":127,"d":"RD$127.00"},{"v":0,"d":"RD$0.00"}]
["Oct-Dic 2017","N/A","N/A","N/A",{"$nulls":3},"Filtro de Aire","UND",null,{"v":150,"d":"RD$150.00"},{"v":0,"d":"RD$0.00"}]
["Julio-Sept 2021","2021-07-28","N/A","N/A",{"$nulls":3},"Mondaisa Te Jenjibre","UND",null,{"v":220,"d":"RD$220.00"},{"v":0,"d":"RD$0.00"}]
["Julio-Sept 2021","2021-07-28","N/A","N/A",{"$nulls":3},"Mondaisa Te Verde","UND",null,{"v":220,"d":"RD$220.00"},{"v":0,"d":"RD$0.00"}]
["Julio-Sept 2021","2021-07-28","N/A","N/A",{"$nulls":3},"Mondaisa Te Manzanilla","UND",null,{"v":220,"d":"RD$220.00"},{"v":0,"d":"RD$0.00"}]
["Julio-Sept 2021","2021-07-28","N/A","N/A",{"$nulls":3},"Mondaisa Te Frutas Mi ","UND",null,{"v":127,"d":"RD$127.00"},{"v":0,"d":"RD$0.00"}]
["Julio-Sept 2021","2020-10-14","N/A","N/A",{"$nulls":3},"Azúcar Crema ","UND",null,{"v":131,"d":"RD$131.00"},{"v":0,"d":"RD$0.00"}]
["Julio-Sept 2021","2020-10-14","N/A","N/A",{"$nulls":3},"Splenda Original ","UND",null,{"v":327,"d":"RD$327.00"},{"v":0,"d":"RD$0.00"}]
["Julio-Sept 2021","2021-07-28","N/A","N/A",{"$nulls":3},"Mondaisa Te Verde","UND",null,{"v":220,"d":"RD$220.00"},{"v":0,"d":"RD$0.00"}]
["Ene-Mar 2023","2023-10-03","N/A","N/A",{"$nulls":3},"Mondaisa Flor de Jamaica","UND",null,{"v":350,"d":"RD$350.00"},{"v":0,"d":"RD$0.00"}]
["Ene-Mar 2023","2023-10-03","N/A","N/A",{"$nulls":3},"Mondaisa Frutos Rojos","UND",null,{"v":350,"d":"RD$350.00"},{"v":0,"d":"RD$0.00"}]
["Julio-Sept 2023","2023-09-05","N/A","N/A",{"$nulls":3},"Camisas Mangas Largas INDOCAL","UND",{"v":0,"d":"0.00"},{"v":1250,"d":"RD$1,250.00"},{"v":0,"d":"RD$0.00"}]
["Julio-Sept 2023","2023-09-05","N/A","N/A",{"$nulls":3},"Camisas Mangas Cortas INDOCAL","UND",{"v":0,"d":"0.00"},{"v":1200,"d":"RD$1,200.00"},{"v":0,"d":"RD$0.00"}]
["Julio-Sept 2023","2023-09-05","N/A","N/A",{"$nulls":3},"T-Shirt Blancos INDOCAL","UND",{"v":0,"d":"0.00"},{"v":750,"d":"RD$750.00"},{"v":0,"d":"RD$0.00"}]
["Julio-Sept 2023","2023-09-05","N/A","N/A",{"$nulls":3},"Pantalones Jeans INDOCAL","UND",{"v":0,"d":"0.00"},{"v":850,"d":"RD$850.00"},{"v":0,"d":"RD$0.00"}]
["Oct-Dic 2017","20/10/2017","N/A","N/A",{"$nulls":3},"Llave de Lavamanos ","UND",{"v":0,"d":"0.00"},{"v":250,"d":"RD$250.00"},{"v":0,"d":"RD$0.00"}]
["Oct-Dic 2022","2022-12-06","N/A","N/A",{"$nulls":3},"Kit Control Acceso","UND",{"v":0,"d":"0.00"},{"v":16238.34,"d":"RD$16,238.34"},{"v":0,"d":"RD$0.00"}]
["N/A","N/A","N/A","N/A",{"$nulls":3},"Filtro de aire de Planta","UND",{"v":0,"d":"0.00"},{"v":540,"d":"RD$540.00"},{"v":0,"d":"RD$0.00"}]
["N/A","N/A","N/A","N/A",{"$nulls":3},"Botellon de Goma ","UN",null,{"v":120,"d":"RD$120.00"},{"v":0,"d":"RD$0.00"}]
[]
[2016,2016,"N/A","N/A",{"$nulls":3},"Botellon de Goma ","UN",null,{"v":120,"d":"RD$120.00"},{"v":0,"d":"RD$0.00"}]
["Oct-Dic 2022","2022-11-28","N/A","N/A",{"$nulls":3},"Impresora Epson Econtan L5290 Multifuncional","UN",null,{"v":27650,"d":"RD$27,650.00"},{"v":0,"d":"RD$0.00"}]
[{"$nulls":7},"Rodamientos ","UN",null,{"v":280,"d":"RD$280.00"},{"$f":"J404*K404","v":{"v":0,"d":"RD$0.00"}}]
["Abril-Junio 2019","2019-06-23","N/A","N/A",{"$nulls":3},"Gomas de Camioneta 215/75 R15","UN",null,{"v":5000,"d":"RD$5,000.00"},{"$f":"J405*K405","v":{"v":0,"d":"RD$0.00"}}]
["Abril-Junio 2021","2021-06-23","N/A","N/A",{"$nulls":3},"Gomas de Camioneta 195R14C","UN",null,{"v":5897.24,"d":"RD$5,897.24"},{"v":0,"d":"RD$0.00"}]
["                                                                                                                                                                                                                                               ",{"$nulls":10},{"$f":"SUM(L12:L406)","v":{"v":3889972.1000000006,"d":"RD$3,889,972.10"}}]
[]
["Realizado Por:"]
[]
["Yudis Mariñez ",{"$nulls":6},"Yasmin de la Cruz "]
["Secretaria de Almacen y Suministro",{"$nulls":6},"Enc. de Almacén y Suministro "]